Every Formula 1 Driver EVER (1950 – 2026) - Ultimate F1 Quiz - Statistics

General Stats
  • This quiz has been taken 78 times
  • The average score is 1272 of 2895
Answer Stats
Season Constructor Country Driver % Correct
1984 Toleman Brazil Ayrton Senna
94%
1985 Lotus Brazil Ayrton Senna
94%
1986 Lotus Brazil Ayrton Senna
94%
1987 Lotus Brazil Ayrton Senna
94%
1988 McLaren Brazil Ayrton Senna
94%
1989 McLaren Brazil Ayrton Senna
94%
1990 McLaren Brazil Ayrton Senna
94%
1991 McLaren Brazil Ayrton Senna
94%
1992 McLaren Brazil Ayrton Senna
94%
1993 McLaren Brazil Ayrton Senna
94%
1994 Williams Brazil Ayrton Senna
94%
2010 HRT Brazil Bruno Senna
94%
2011 Renault Brazil Bruno Senna
94%
2012 Williams Brazil Bruno Senna
94%
2015 Toro Rosso Spain Carlos Sainz Jr.
94%
2016 Toro Rosso Spain Carlos Sainz Jr.
94%
2017 Renault Spain Carlos Sainz Jr.
94%
2017 Toro Rosso Spain Carlos Sainz Jr.
94%
2018 Renault Spain Carlos Sainz Jr.
94%
2019 McLaren Spain Carlos Sainz Jr.
94%
2020 McLaren Spain Carlos Sainz Jr.
94%
2021 Ferrari Spain Carlos Sainz Jr.
94%
2022 Ferrari Spain Carlos Sainz Jr.
94%
2023 Ferrari Spain Carlos Sainz Jr.
94%
2024 Ferrari Spain Carlos Sainz Jr.
94%
2025 Williams Spain Carlos Sainz Jr.
94%
2026 Williams Spain Carlos Sainz Jr.
94%
2018 Sauber Monaco Charles Leclerc
94%
2019 Ferrari Monaco Charles Leclerc
94%
2020 Ferrari Monaco Charles Leclerc
94%
2021 Ferrari Monaco Charles Leclerc
94%
2022 Ferrari Monaco Charles Leclerc
94%
2023 Ferrari Monaco Charles Leclerc
94%
2024 Ferrari Monaco Charles Leclerc
94%
2025 Ferrari Monaco Charles Leclerc
94%
2026 Ferrari Monaco Charles Leclerc
94%
1951 Talbot-Lago United Kingdom Duncan Hamilton
94%
1952 HWM United Kingdom Duncan Hamilton
94%
1953 HWM United Kingdom Duncan Hamilton
94%
2001 Minardi Spain Fernando Alonso
94%
2003 Renault Spain Fernando Alonso
94%
2004 Renault Spain Fernando Alonso
94%
2005 Renault Spain Fernando Alonso
94%
2006 Renault Spain Fernando Alonso
94%
2007 McLaren Spain Fernando Alonso
94%
2008 Renault Spain Fernando Alonso
94%
2009 Renault Spain Fernando Alonso
94%
2010 Ferrari Spain Fernando Alonso
94%
2011 Ferrari Spain Fernando Alonso
94%
2012 Ferrari Spain Fernando Alonso
94%
2013 Ferrari Spain Fernando Alonso
94%
2014 Ferrari Spain Fernando Alonso
94%
2015 McLaren Spain Fernando Alonso
94%
2016 McLaren Spain Fernando Alonso
94%
2017 McLaren Spain Fernando Alonso
94%
2018 McLaren Spain Fernando Alonso
94%
2021 Alpine Spain Fernando Alonso
94%
2022 Alpine Spain Fernando Alonso
94%
2023 Aston Martin Spain Fernando Alonso
94%
2024 Aston Martin Spain Fernando Alonso
94%
2025 Aston Martin Spain Fernando Alonso
94%
2026 Aston Martin Spain Fernando Alonso
94%
1994 Benetton Netherlands Jos Verstappen
94%
1995 Simtek Netherlands Jos Verstappen
94%
1996 Footwork Netherlands Jos Verstappen
94%
1997 Tyrrell Netherlands Jos Verstappen
94%
1998 Stewart Netherlands Jos Verstappen
94%
2000 Arrows Netherlands Jos Verstappen
94%
2001 Arrows Netherlands Jos Verstappen
94%
2003 Minardi Netherlands Jos Verstappen
94%
2007 McLaren United Kingdom Lewis Hamilton
94%
2008 McLaren United Kingdom Lewis Hamilton
94%
2009 McLaren United Kingdom Lewis Hamilton
94%
2010 McLaren United Kingdom Lewis Hamilton
94%
2011 McLaren United Kingdom Lewis Hamilton
94%
2012 McLaren United Kingdom Lewis Hamilton
94%
2013 Mercedes United Kingdom Lewis Hamilton
94%
2014 Mercedes United Kingdom Lewis Hamilton
94%
2015 Mercedes United Kingdom Lewis Hamilton
94%
2016 Mercedes United Kingdom Lewis Hamilton
94%
2017 Mercedes United Kingdom Lewis Hamilton
94%
2018 Mercedes United Kingdom Lewis Hamilton
94%
2019 Mercedes United Kingdom Lewis Hamilton
94%
2020 Mercedes United Kingdom Lewis Hamilton
94%
2021 Mercedes United Kingdom Lewis Hamilton
94%
2022 Mercedes United Kingdom Lewis Hamilton
94%
2023 Mercedes United Kingdom Lewis Hamilton
94%
2024 Mercedes United Kingdom Lewis Hamilton
94%
2025 Ferrari United Kingdom Lewis Hamilton
94%
2026 Ferrari United Kingdom Lewis Hamilton
94%
2015 Toro Rosso Netherlands Max Verstappen
94%
2016 Red Bull Netherlands Max Verstappen
94%
2016 Toro Rosso Netherlands Max Verstappen
94%
2017 Red Bull Netherlands Max Verstappen
94%
2018 Red Bull Netherlands Max Verstappen
94%
2019 Red Bull Netherlands Max Verstappen
94%
2020 Red Bull Netherlands Max Verstappen
94%
2021 Red Bull Netherlands Max Verstappen
94%
2022 Red Bull Netherlands Max Verstappen
94%
2023 Red Bull Netherlands Max Verstappen
94%
2024 Red Bull Netherlands Max Verstappen
94%
2025 Red Bull Netherlands Max Verstappen
94%
2026 Red Bull Netherlands Max Verstappen
94%
1991 Benetton Germany Michael Schumacher
94%
1991 Jordan Germany Michael Schumacher
94%
1992 Benetton Germany Michael Schumacher
94%
1993 Benetton Germany Michael Schumacher
94%
1994 Benetton Germany Michael Schumacher
94%
1995 Benetton Germany Michael Schumacher
94%
1996 Ferrari Germany Michael Schumacher
94%
1997 Ferrari Germany Michael Schumacher
94%
1998 Ferrari Germany Michael Schumacher
94%
1999 Ferrari Germany Michael Schumacher
94%
2000 Ferrari Germany Michael Schumacher
94%
2001 Ferrari Germany Michael Schumacher
94%
2002 Ferrari Germany Michael Schumacher
94%
2003 Ferrari Germany Michael Schumacher
94%
2004 Ferrari Germany Michael Schumacher
94%
2005 Ferrari Germany Michael Schumacher
94%
2006 Ferrari Germany Michael Schumacher
94%
2010 Mercedes Germany Michael Schumacher
94%
2011 Mercedes Germany Michael Schumacher
94%
2012 Mercedes Germany Michael Schumacher
94%
2021 Haas Germany Mick Schumacher
94%
2022 Haas Germany Mick Schumacher
94%
2006 Williams Germany Nico Rosberg
94%
2007 Williams Germany Nico Rosberg
94%
2008 Williams Germany Nico Rosberg
94%
2009 Williams Germany Nico Rosberg
94%
2010 Mercedes Germany Nico Rosberg
94%
2011 Mercedes Germany Nico Rosberg
94%
2012 Mercedes Germany Nico Rosberg
94%
2013 Mercedes Germany Nico Rosberg
94%
2014 Mercedes Germany Nico Rosberg
94%
2015 Mercedes Germany Nico Rosberg
94%
2016 Mercedes Germany Nico Rosberg
94%
1997 Jordan Germany Ralf Schumacher
94%
1998 Jordan Germany Ralf Schumacher
94%
1999 Williams Germany Ralf Schumacher
94%
2000 Williams Germany Ralf Schumacher
94%
2001 Williams Germany Ralf Schumacher
94%
2002 Williams Germany Ralf Schumacher
94%
2003 Williams Germany Ralf Schumacher
94%
2004 Williams Germany Ralf Schumacher
94%
2005 Toyota Germany Ralf Schumacher
94%
2006 Toyota Germany Ralf Schumacher
94%
2007 Toyota Germany Ralf Schumacher
94%
2007 BMW Sauber Germany Sebastian Vettel
94%
2007 Toro Rosso Germany Sebastian Vettel
94%
2008 Toro Rosso Germany Sebastian Vettel
94%
2009 Red Bull Germany Sebastian Vettel
94%
2010 Red Bull Germany Sebastian Vettel
94%
2011 Red Bull Germany Sebastian Vettel
94%
2012 Red Bull Germany Sebastian Vettel
94%
2013 Red Bull Germany Sebastian Vettel
94%
2014 Red Bull Germany Sebastian Vettel
94%
2015 Ferrari Germany Sebastian Vettel
94%
2016 Ferrari Germany Sebastian Vettel
94%
2017 Ferrari Germany Sebastian Vettel
94%
2018 Ferrari Germany Sebastian Vettel
94%
2019 Ferrari Germany Sebastian Vettel
94%
2020 Ferrari Germany Sebastian Vettel
94%
2021 Aston Martin Germany Sebastian Vettel
94%
2022 Aston Martin Germany Sebastian Vettel
94%
2019 Red Bull Thailand Alexander Albon
93%
2019 Toro Rosso Thailand Alexander Albon
93%
2020 Red Bull Thailand Alexander Albon
93%
2022 Williams Thailand Alexander Albon
93%
2023 Williams Thailand Alexander Albon
93%
2024 Williams Thailand Alexander Albon
93%
2025 Williams Thailand Alexander Albon
93%
2026 Williams Thailand Alexander Albon
93%
2025 Mercedes Italy Andrea Kimi Antonelli
93%
2026 Mercedes Italy Andrea Kimi Antonelli
93%
2011 HRT Australia Daniel Ricciardo
93%
2012 Toro Rosso Australia Daniel Ricciardo
93%
2013 Toro Rosso Australia Daniel Ricciardo
93%
2014 Red Bull Australia Daniel Ricciardo
93%
2015 Red Bull Australia Daniel Ricciardo
93%
2016 Red Bull Australia Daniel Ricciardo
93%
2017 Red Bull Australia Daniel Ricciardo
93%
2018 Red Bull Australia Daniel Ricciardo
93%
2019 Renault Australia Daniel Ricciardo
93%
2020 Renault Australia Daniel Ricciardo
93%
2021 McLaren Australia Daniel Ricciardo
93%
2022 McLaren Australia Daniel Ricciardo
93%
2023 AlphaTauri Australia Daniel Ricciardo
93%
2024 RB Australia Daniel Ricciardo
93%
2016 Manor France Esteban Ocon
93%
2017 Force India France Esteban Ocon
93%
2018 Force India France Esteban Ocon
93%
2020 Renault France Esteban Ocon
93%
2021 Alpine France Esteban Ocon
93%
2022 Alpine France Esteban Ocon
93%
2023 Alpine France Esteban Ocon
93%
2024 Alpine France Esteban Ocon
93%
2025 Haas France Esteban Ocon
93%
2026 Haas France Esteban Ocon
93%
2019 Williams United Kingdom George Russell
93%
2020 Mercedes United Kingdom George Russell
93%
2020 Williams United Kingdom George Russell
93%
2021 Williams United Kingdom George Russell
93%
2022 Mercedes United Kingdom George Russell
93%
2023 Mercedes United Kingdom George Russell
93%
2024 Mercedes United Kingdom George Russell
93%
2025 Mercedes United Kingdom George Russell
93%
2026 Mercedes United Kingdom George Russell
93%
1978 ATS Finland Keke Rosberg
93%
1978 Theodore Finland Keke Rosberg
93%
1978 Wolf Finland Keke Rosberg
93%
1979 Wolf Finland Keke Rosberg
93%
1980 Fittipaldi Finland Keke Rosberg
93%
1981 Fittipaldi Finland Keke Rosberg
93%
1982 Williams Finland Keke Rosberg
93%
1983 Williams Finland Keke Rosberg
93%
1984 Williams Finland Keke Rosberg
93%
1985 Williams Finland Keke Rosberg
93%
1986 McLaren Finland Keke Rosberg
93%
2014 McLaren Denmark Kevin Magnussen
93%
2016 Renault Denmark Kevin Magnussen
93%
2017 Haas Denmark Kevin Magnussen
93%
2018 Haas Denmark Kevin Magnussen
93%
2019 Haas Denmark Kevin Magnussen
93%
2020 Haas Denmark Kevin Magnussen
93%
2022 Haas Denmark Kevin Magnussen
93%
2023 Haas Denmark Kevin Magnussen
93%
2024 Haas Denmark Kevin Magnussen
93%
2001 Sauber Finland Kimi Räikkönen
93%
2002 McLaren Finland Kimi Räikkönen
93%
2003 McLaren Finland Kimi Räikkönen
93%
2004 McLaren Finland Kimi Räikkönen
93%
2005 McLaren Finland Kimi Räikkönen
93%
2006 McLaren Finland Kimi Räikkönen
93%
2007 Ferrari Finland Kimi Räikkönen
93%
2008 Ferrari Finland Kimi Räikkönen
93%
2009 Ferrari Finland Kimi Räikkönen
93%
2012 Lotus Finland Kimi Räikkönen
93%
2013 Lotus Finland Kimi Räikkönen
93%
2014 Ferrari Finland Kimi Räikkönen
93%
2015 Ferrari Finland Kimi Räikkönen
93%
2016 Ferrari Finland Kimi Räikkönen
93%
2017 Ferrari Finland Kimi Räikkönen
93%
2018 Ferrari Finland Kimi Räikkönen
93%
2019 Alfa Romeo Finland Kimi Räikkönen
93%
2020 Alfa Romeo Finland Kimi Räikkönen
93%
2021 Alfa Romeo Finland Kimi Räikkönen
93%
2017 Williams Canada Lance Stroll
93%
2018 Williams Canada Lance Stroll
93%
2019 Racing Point Canada Lance Stroll
93%
2020 Racing Point Canada Lance Stroll
93%
2021 Aston Martin Canada Lance Stroll
93%
2022 Aston Martin Canada Lance Stroll
93%
2023 Aston Martin Canada Lance Stroll
93%
2024 Aston Martin Canada Lance Stroll
93%
2025 Aston Martin Canada Lance Stroll
93%
2026 Aston Martin Canada Lance Stroll
93%
2019 McLaren United Kingdom Lando Norris
93%
2020 McLaren United Kingdom Lando Norris
93%
2021 McLaren United Kingdom Lando Norris
93%
2022 McLaren United Kingdom Lando Norris
93%
2023 McLaren United Kingdom Lando Norris
93%
2024 McLaren United Kingdom Lando Norris
93%
2025 McLaren United Kingdom Lando Norris
93%
2026 McLaren United Kingdom Lando Norris
93%
2010 Williams Germany Nico Hülkenberg
93%
2012 Force India Germany Nico Hülkenberg
93%
2013 Sauber Germany Nico Hülkenberg
93%
2014 Force India Germany Nico Hülkenberg
93%
2015 Force India Germany Nico Hülkenberg
93%
2016 Force India Germany Nico Hülkenberg
93%
2017 Renault Germany Nico Hülkenberg
93%
2018 Renault Germany Nico Hülkenberg
93%
2019 Renault Germany Nico Hülkenberg
93%
2020 Racing Point Germany Nico Hülkenberg
93%
2022 Aston Martin Germany Nico Hülkenberg
93%
2023 Haas Germany Nico Hülkenberg
93%
2024 Haas Germany Nico Hülkenberg
93%
2025 Sauber Germany Nico Hülkenberg
93%
2026 Audi Germany Nico Hülkenberg
93%
2023 McLaren Australia Oscar Piastri
93%
2024 McLaren Australia Oscar Piastri
93%
2025 McLaren Australia Oscar Piastri
93%
2026 McLaren Australia Oscar Piastri
93%
2017 Toro Rosso France Pierre Gasly
93%
2018 Toro Rosso France Pierre Gasly
93%
2019 Red Bull France Pierre Gasly
93%
2019 Toro Rosso France Pierre Gasly
93%
2020 AlphaTauri France Pierre Gasly
93%
2021 AlphaTauri France Pierre Gasly
93%
2022 AlphaTauri France Pierre Gasly
93%
2023 Alpine France Pierre Gasly
93%
2024 Alpine France Pierre Gasly
93%
2025 Alpine France Pierre Gasly
93%
2026 Alpine France Pierre Gasly
93%
2011 Sauber Mexico Sergio Pérez
93%
2012 Sauber Mexico Sergio Pérez
93%
2013 McLaren Mexico Sergio Pérez
93%
2014 Force India Mexico Sergio Pérez
93%
2015 Force India Mexico Sergio Pérez
93%
2016 Force India Mexico Sergio Pérez
93%
2017 Force India Mexico Sergio Pérez
93%
2018 Force India Mexico Sergio Pérez
93%
2019 Racing Point Mexico Sergio Pérez
93%
2020 Racing Point Mexico Sergio Pérez
93%
2021 Red Bull Mexico Sergio Pérez
93%
2022 Red Bull Mexico Sergio Pérez
93%
2023 Red Bull Mexico Sergio Pérez
93%
2024 Red Bull Mexico Sergio Pérez
93%
2026 Cadillac Mexico Sergio Pérez
93%
2013 Williams Finland Valtteri Bottas
93%
2014 Williams Finland Valtteri Bottas
93%
2015 Williams Finland Valtteri Bottas
93%
2016 Williams Finland Valtteri Bottas
93%
2017 Mercedes Finland Valtteri Bottas
93%
2018 Mercedes Finland Valtteri Bottas
93%
2019 Mercedes Finland Valtteri Bottas
93%
2020 Mercedes Finland Valtteri Bottas
93%
2021 Mercedes Finland Valtteri Bottas
93%
2022 Alfa Romeo Finland Valtteri Bottas
93%
2023 Alfa Romeo Finland Valtteri Bottas
93%
2024 Sauber Finland Valtteri Bottas
93%
2026 Cadillac Finland Valtteri Bottas
93%
1980 McLaren France Alain Prost
91%
1981 Renault France Alain Prost
91%
1982 Renault France Alain Prost
91%
1983 Renault France Alain Prost
91%
1984 McLaren France Alain Prost
91%
1985 McLaren France Alain Prost
91%
1986 McLaren France Alain Prost
91%
1987 McLaren France Alain Prost
91%
1988 McLaren France Alain Prost
91%
1989 McLaren France Alain Prost
91%
1990 Ferrari France Alain Prost
91%
1991 Ferrari France Alain Prost
91%
1993 Williams France Alain Prost
91%
1992 Minardi Brazil Christian Fittipaldi
91%
1993 Minardi Brazil Christian Fittipaldi
91%
1994 Footwork Brazil Christian Fittipaldi
91%
1970 Lotus Brazil Emerson Fittipaldi
91%
1971 Lotus Brazil Emerson Fittipaldi
91%
1972 Lotus Brazil Emerson Fittipaldi
91%
1973 Lotus Brazil Emerson Fittipaldi
91%
1974 McLaren Brazil Emerson Fittipaldi
91%
1975 McLaren Brazil Emerson Fittipaldi
91%
1976 Copersucar Brazil Emerson Fittipaldi
91%
1977 Copersucar Brazil Emerson Fittipaldi
91%
1978 Copersucar Brazil Emerson Fittipaldi
91%
1979 Copersucar Brazil Emerson Fittipaldi
91%
1980 Fittipaldi Brazil Emerson Fittipaldi
91%
2024 Williams Argentina Franco Colapinto
91%
2025 Alpine Argentina Franco Colapinto
91%
2026 Alpine Argentina Franco Colapinto
91%
2025 Sauber Brazil Gabriel Bortoleto
91%
2026 Audi Brazil Gabriel Bortoleto
91%
1995 McLaren Denmark Jan Magnussen
91%
1997 Stewart Denmark Jan Magnussen
91%
1998 Stewart Denmark Jan Magnussen
91%
2000 Williams United Kingdom Jenson Button
91%
2001 Benetton United Kingdom Jenson Button
91%
2002 Renault United Kingdom Jenson Button
91%
2003 BAR United Kingdom Jenson Button
91%
2004 BAR United Kingdom Jenson Button
91%
2005 BAR United Kingdom Jenson Button
91%
2006 Honda United Kingdom Jenson Button
91%
2007 Honda United Kingdom Jenson Button
91%
2008 Honda United Kingdom Jenson Button
91%
2009 Brawn GP United Kingdom Jenson Button
91%
2010 McLaren United Kingdom Jenson Button
91%
2011 McLaren United Kingdom Jenson Button
91%
2012 McLaren United Kingdom Jenson Button
91%
2013 McLaren United Kingdom Jenson Button
91%
2014 McLaren United Kingdom Jenson Button
91%
2015 McLaren United Kingdom Jenson Button
91%
2016 McLaren United Kingdom Jenson Button
91%
2017 McLaren United Kingdom Jenson Button
91%
1950 Alfa Romeo Argentina Juan Manuel Fangio
91%
1951 Alfa Romeo Argentina Juan Manuel Fangio
91%
1953 Maserati Argentina Juan Manuel Fangio
91%
1954 Maserati Argentina Juan Manuel Fangio
91%
1954 Mercedes Argentina Juan Manuel Fangio
91%
1955 Mercedes Argentina Juan Manuel Fangio
91%
1956 Ferrari Argentina Juan Manuel Fangio
91%
1957 Maserati Argentina Juan Manuel Fangio
91%
1958 Maserati Argentina Juan Manuel Fangio
91%
2002 Minardi Australia Mark Webber
91%
2003 Jaguar Australia Mark Webber
91%
2004 Jaguar Australia Mark Webber
91%
2005 Williams Australia Mark Webber
91%
2006 Williams Australia Mark Webber
91%
2007 Red Bull Australia Mark Webber
91%
2008 Red Bull Australia Mark Webber
91%
2009 Red Bull Australia Mark Webber
91%
2010 Red Bull Australia Mark Webber
91%
2011 Red Bull Australia Mark Webber
91%
2012 Red Bull Australia Mark Webber
91%
2013 Red Bull Australia Mark Webber
91%
2020 Haas Brazil Pietro Fittipaldi
91%
1972 Brabham Brazil Wilson Fittipaldi
91%
1973 Brabham Brazil Wilson Fittipaldi
91%
1975 Copersucar Brazil Wilson Fittipaldi
91%
2021 AlphaTauri Japan Yuki Tsunoda
91%
2022 AlphaTauri Japan Yuki Tsunoda
91%
2023 AlphaTauri Japan Yuki Tsunoda
91%
2024 RB Japan Yuki Tsunoda
91%
2025 Racing Bulls Japan Yuki Tsunoda
91%
2025 Red Bull Japan Yuki Tsunoda
91%
2022 Alfa Romeo China Zhou Guanyu
91%
2023 Alfa Romeo China Zhou Guanyu
91%
2024 Sauber China Zhou Guanyu
91%
2014 Toro Rosso Russia Daniil Kvyat
89%
2015 Red Bull Russia Daniil Kvyat
89%
2016 Red Bull Russia Daniil Kvyat
89%
2016 Toro Rosso Russia Daniil Kvyat
89%
2017 Toro Rosso Russia Daniil Kvyat
89%
2019 Toro Rosso Russia Daniil Kvyat
89%
2020 AlphaTauri Russia Daniil Kvyat
89%
2025 Racing Bulls France Isack Hadjar
89%
2026 Red Bull France Isack Hadjar
89%
2023 AlphaTauri New Zealand Liam Lawson
89%
2024 RB New Zealand Liam Lawson
89%
2025 Racing Bulls New Zealand Liam Lawson
89%
2025 Red Bull New Zealand Liam Lawson
89%
2026 Racing Bulls New Zealand Liam Lawson
89%
2024 Ferrari United Kingdom Oliver Bearman
89%
2024 Haas United Kingdom Oliver Bearman
89%
2025 Haas United Kingdom Oliver Bearman
89%
2026 Haas United Kingdom Oliver Bearman
89%
2009 Renault France Romain Grosjean
89%
2012 Lotus France Romain Grosjean
89%
2013 Lotus France Romain Grosjean
89%
2014 Lotus France Romain Grosjean
89%
2015 Lotus France Romain Grosjean
89%
2016 Haas France Romain Grosjean
89%
2017 Haas France Romain Grosjean
89%
2018 Haas France Romain Grosjean
89%
2019 Haas France Romain Grosjean
89%
2020 Haas France Romain Grosjean
89%
1992 Brabham United Kingdom Damon Hill
87%
1993 Williams United Kingdom Damon Hill
87%
1994 Williams United Kingdom Damon Hill
87%
1995 Williams United Kingdom Damon Hill
87%
1996 Williams United Kingdom Damon Hill
87%
1997 Arrows United Kingdom Damon Hill
87%
1998 Jordan United Kingdom Damon Hill
87%
1999 Jordan United Kingdom Damon Hill
87%
2002 Sauber Brazil Felipe Massa
87%
2004 Sauber Brazil Felipe Massa
87%
2005 Sauber Brazil Felipe Massa
87%
2006 Ferrari Brazil Felipe Massa
87%
2007 Ferrari Brazil Felipe Massa
87%
2008 Ferrari Brazil Felipe Massa
87%
2009 Ferrari Brazil Felipe Massa
87%
2010 Ferrari Brazil Felipe Massa
87%
2011 Ferrari Brazil Felipe Massa
87%
2012 Ferrari Brazil Felipe Massa
87%
2013 Ferrari Brazil Felipe Massa
87%
2014 Williams Brazil Felipe Massa
87%
2015 Williams Brazil Felipe Massa
87%
2016 Williams Brazil Felipe Massa
87%
2017 Williams Brazil Felipe Massa
87%
1958 Lotus United Kingdom Graham Hill
87%
1959 Lotus United Kingdom Graham Hill
87%
1960 BRM United Kingdom Graham Hill
87%
1961 BRM United Kingdom Graham Hill
87%
1962 BRM United Kingdom Graham Hill
87%
1963 BRM United Kingdom Graham Hill
87%
1964 BRM United Kingdom Graham Hill
87%
1965 BRM United Kingdom Graham Hill
87%
1966 BRM United Kingdom Graham Hill
87%
1967 Lotus United Kingdom Graham Hill
87%
1968 Lotus United Kingdom Graham Hill
87%
1969 Lotus United Kingdom Graham Hill
87%
1970 Lotus United Kingdom Graham Hill
87%
1971 Brabham United Kingdom Graham Hill
87%
1972 Brabham United Kingdom Graham Hill
87%
1973 Shadow United Kingdom Graham Hill
87%
1974 Lola United Kingdom Graham Hill
87%
1975 Lola United Kingdom Graham Hill
87%
1958 Ferrari United States Phil Hill
87%
1958 Maserati United States Phil Hill
87%
1959 Ferrari United States Phil Hill
87%
1960 Cooper United States Phil Hill
87%
1960 Ferrari United States Phil Hill
87%
1961 Ferrari United States Phil Hill
87%
1962 Ferrari United States Phil Hill
87%
1963 A-T-S United States Phil Hill
87%
1963 Lotus United States Phil Hill
87%
1964 Cooper United States Phil Hill
87%
1993 Jordan Brazil Rubens Barrichello
87%
1994 Jordan Brazil Rubens Barrichello
87%
1995 Jordan Brazil Rubens Barrichello
87%
1996 Jordan Brazil Rubens Barrichello
87%
1997 Stewart Brazil Rubens Barrichello
87%
1998 Stewart Brazil Rubens Barrichello
87%
1999 Stewart Brazil Rubens Barrichello
87%
2000 Ferrari Brazil Rubens Barrichello
87%
2001 Ferrari Brazil Rubens Barrichello
87%
2002 Ferrari Brazil Rubens Barrichello
87%
2003 Ferrari Brazil Rubens Barrichello
87%
2004 Ferrari Brazil Rubens Barrichello
87%
2005 Ferrari Brazil Rubens Barrichello
87%
2006 Honda Brazil Rubens Barrichello
87%
2007 Honda Brazil Rubens Barrichello
87%
2008 Honda Brazil Rubens Barrichello
87%
2009 Brawn GP Brazil Rubens Barrichello
87%
2010 Williams Brazil Rubens Barrichello
87%
2011 Williams Brazil Rubens Barrichello
87%
1973 Surtees West Germany Jochen Mass
85%
1974 McLaren West Germany Jochen Mass
85%
1974 Surtees West Germany Jochen Mass
85%
1975 McLaren West Germany Jochen Mass
85%
1976 McLaren West Germany Jochen Mass
85%
1977 McLaren West Germany Jochen Mass
85%
1978 ATS West Germany Jochen Mass
85%
1979 Arrows West Germany Jochen Mass
85%
1980 Arrows West Germany Jochen Mass
85%
1982 March West Germany Jochen Mass
85%
2020 Williams Canada Nicholas Latifi
85%
2021 Williams Canada Nicholas Latifi
85%
2022 Williams Canada Nicholas Latifi
85%
2006 BMW Sauber Poland Robert Kubica
85%
2007 BMW Sauber Poland Robert Kubica
85%
2008 BMW Sauber Poland Robert Kubica
85%
2009 BMW Sauber Poland Robert Kubica
85%
2010 Renault Poland Robert Kubica
85%
2019 Williams Poland Robert Kubica
85%
2021 Alfa Romeo Poland Robert Kubica
85%
1950 Ferrari Italy Alberto Ascari
83%
1951 Ferrari Italy Alberto Ascari
83%
1952 Ferrari Italy Alberto Ascari
83%
1953 Ferrari Italy Alberto Ascari
83%
1954 Ferrari Italy Alberto Ascari
83%
1954 Lancia Italy Alberto Ascari
83%
1954 Maserati Italy Alberto Ascari
83%
1955 Lancia Italy Alberto Ascari
83%
2017 Sauber Italy Antonio Giovinazzi
83%
2019 Alfa Romeo Italy Antonio Giovinazzi
83%
2020 Alfa Romeo Italy Antonio Giovinazzi
83%
2021 Alfa Romeo Italy Antonio Giovinazzi
83%
1994 Williams United Kingdom David Coulthard
83%
1995 Williams United Kingdom David Coulthard
83%
1996 McLaren United Kingdom David Coulthard
83%
1997 McLaren United Kingdom David Coulthard
83%
1998 McLaren United Kingdom David Coulthard
83%
1999 McLaren United Kingdom David Coulthard
83%
2000 McLaren United Kingdom David Coulthard
83%
2001 McLaren United Kingdom David Coulthard
83%
2002 McLaren United Kingdom David Coulthard
83%
2003 McLaren United Kingdom David Coulthard
83%
2004 McLaren United Kingdom David Coulthard
83%
2005 Red Bull United Kingdom David Coulthard
83%
2006 Red Bull United Kingdom David Coulthard
83%
2007 Red Bull United Kingdom David Coulthard
83%
2008 Red Bull United Kingdom David Coulthard
83%
1977 Ferrari Canada Gilles Villeneuve
83%
1977 McLaren Canada Gilles Villeneuve
83%
1978 Ferrari Canada Gilles Villeneuve
83%
1979 Ferrari Canada Gilles Villeneuve
83%
1980 Ferrari Canada Gilles Villeneuve
83%
1981 Ferrari Canada Gilles Villeneuve
83%
1982 Ferrari Canada Gilles Villeneuve
83%
1950 Alfa Romeo Italy Giuseppe "Nino" Farina
83%
1951 Alfa Romeo Italy Giuseppe "Nino" Farina
83%
1952 Ferrari Italy Giuseppe "Nino" Farina
83%
1953 Ferrari Italy Giuseppe "Nino" Farina
83%
1954 Ferrari Italy Giuseppe "Nino" Farina
83%
1955 Ferrari Italy Giuseppe "Nino" Farina
83%
2024 Alpine Australia Jack Doohan
83%
2025 Alpine Australia Jack Doohan
83%
1996 Williams Canada Jacques Villeneuve
83%
1997 Williams Canada Jacques Villeneuve
83%
1998 Williams Canada Jacques Villeneuve
83%
1999 BAR Canada Jacques Villeneuve
83%
2000 BAR Canada Jacques Villeneuve
83%
2001 BAR Canada Jacques Villeneuve
83%
2002 BAR Canada Jacques Villeneuve
83%
2003 BAR Canada Jacques Villeneuve
83%
2004 Renault Canada Jacques Villeneuve
83%
2005 Sauber Canada Jacques Villeneuve
83%
2006 BMW Sauber Canada Jacques Villeneuve
83%
1978 Brabham Brazil Nelson Piquet
83%
1978 Ensign Brazil Nelson Piquet
83%
1978 McLaren Brazil Nelson Piquet
83%
1979 Brabham Brazil Nelson Piquet
83%
1980 Brabham Brazil Nelson Piquet
83%
1981 Brabham Brazil Nelson Piquet
83%
1982 Brabham Brazil Nelson Piquet
83%
1983 Brabham Brazil Nelson Piquet
83%
1984 Brabham Brazil Nelson Piquet
83%
1985 Brabham Brazil Nelson Piquet
83%
1986 Williams Brazil Nelson Piquet
83%
1987 Williams Brazil Nelson Piquet
83%
1988 Lotus Brazil Nelson Piquet
83%
1989 Lotus Brazil Nelson Piquet
83%
1990 Benetton Brazil Nelson Piquet
83%
1991 Benetton Brazil Nelson Piquet
83%
2008 Renault Brazil Nelson Piquet Jr.
83%
2009 Renault Brazil Nelson Piquet Jr.
83%
2022 Williams Netherlands Nyck de Vries
83%
2023 AlphaTauri Netherlands Nyck de Vries
83%
2023 Williams United States Logan Sargeant
81%
2024 Williams United States Logan Sargeant
81%
2021 Haas Russia Nikita Mazepin
81%
2014 Caterham Sweden Marcus Ericsson
80%
2015 Sauber Sweden Marcus Ericsson
80%
2016 Sauber Sweden Marcus Ericsson
80%
2017 Sauber Sweden Marcus Ericsson
80%
2018 Sauber Sweden Marcus Ericsson
80%
1980 Lotus United Kingdom Nigel Mansell
80%
1981 Lotus United Kingdom Nigel Mansell
80%
1982 Lotus United Kingdom Nigel Mansell
80%
1983 Lotus United Kingdom Nigel Mansell
80%
1984 Lotus United Kingdom Nigel Mansell
80%
1985 Williams United Kingdom Nigel Mansell
80%
1986 Williams United Kingdom Nigel Mansell
80%
1987 Williams United Kingdom Nigel Mansell
80%
1988 Williams United Kingdom Nigel Mansell
80%
1989 Ferrari United Kingdom Nigel Mansell
80%
1990 Ferrari United Kingdom Nigel Mansell
80%
1991 Williams United Kingdom Nigel Mansell
80%
1992 Williams United Kingdom Nigel Mansell
80%
1994 Williams United Kingdom Nigel Mansell
80%
1995 McLaren United Kingdom Nigel Mansell
80%
1971 March Austria Niki Lauda
80%
1972 March Austria Niki Lauda
80%
1973 BRM Austria Niki Lauda
80%
1974 Ferrari Austria Niki Lauda
80%
1975 Ferrari Austria Niki Lauda
80%
1976 Ferrari Austria Niki Lauda
80%
1977 Ferrari Austria Niki Lauda
80%
1978 Brabham Austria Niki Lauda
80%
1979 Brabham Austria Niki Lauda
80%
1982 McLaren Austria Niki Lauda
80%
1983 McLaren Austria Niki Lauda
80%
1984 McLaren Austria Niki Lauda
80%
1985 McLaren Austria Niki Lauda
80%
2011 Williams Venezuela Pastor Maldonado
80%
2012 Williams Venezuela Pastor Maldonado
80%
2013 Williams Venezuela Pastor Maldonado
80%
2014 Lotus Venezuela Pastor Maldonado
80%
2015 Lotus Venezuela Pastor Maldonado
80%
2026 Racing Bulls United Kingdom Arvid Lindblad
78%
2001 Williams Colombia Juan Pablo Montoya
78%
2002 Williams Colombia Juan Pablo Montoya
78%
2003 Williams Colombia Juan Pablo Montoya
78%
2004 Williams Colombia Juan Pablo Montoya
78%
2005 McLaren Colombia Juan Pablo Montoya
78%
2006 McLaren Colombia Juan Pablo Montoya
78%
1991 Lotus Finland Mika Häkkinen
78%
1992 Lotus Finland Mika Häkkinen
78%
1993 McLaren Finland Mika Häkkinen
78%
1994 McLaren Finland Mika Häkkinen
78%
1995 McLaren Finland Mika Häkkinen
78%
1996 McLaren Finland Mika Häkkinen
78%
1997 McLaren Finland Mika Häkkinen
78%
1998 McLaren Finland Mika Häkkinen
78%
1999 McLaren Finland Mika Häkkinen
78%
2000 McLaren Finland Mika Häkkinen
78%
2001 McLaren Finland Mika Häkkinen
78%
1974 Lotus South Africa Ian Scheckter
76%
1975 Tyrrell South Africa Ian Scheckter
76%
1975 Williams South Africa Ian Scheckter
76%
1976 Tyrrell South Africa Ian Scheckter
76%
1977 March South Africa Ian Scheckter
76%
1953 Connaught United Kingdom Ian Stewart
76%
1965 BRM United Kingdom Jackie Stewart
76%
1966 BRM United Kingdom Jackie Stewart
76%
1967 BRM United Kingdom Jackie Stewart
76%
1968 Matra United Kingdom Jackie Stewart
76%
1969 Matra United Kingdom Jackie Stewart
76%
1970 March United Kingdom Jackie Stewart
76%
1970 Tyrrell United Kingdom Jackie Stewart
76%
1971 Tyrrell United Kingdom Jackie Stewart
76%
1972 Tyrrell United Kingdom Jackie Stewart
76%
1973 Tyrrell United Kingdom Jackie Stewart
76%
1973 March United Kingdom James Hunt
76%
1974 Hesketh United Kingdom James Hunt
76%
1974 March United Kingdom James Hunt
76%
1975 Hesketh United Kingdom James Hunt
76%
1976 McLaren United Kingdom James Hunt
76%
1977 McLaren United Kingdom James Hunt
76%
1978 McLaren United Kingdom James Hunt
76%
1979 Wolf United Kingdom James Hunt
76%
1953 Cooper United Kingdom Jimmy Stewart
76%
1972 McLaren South Africa Jody Scheckter
76%
1973 McLaren South Africa Jody Scheckter
76%
1974 Tyrrell South Africa Jody Scheckter
76%
1975 Tyrrell South Africa Jody Scheckter
76%
1976 Tyrrell South Africa Jody Scheckter
76%
1977 Wolf South Africa Jody Scheckter
76%
1978 Wolf South Africa Jody Scheckter
76%
1979 Ferrari South Africa Jody Scheckter
76%
1980 Ferrari South Africa Jody Scheckter
76%
1990 Brabham Australia David Brabham
74%
1994 Simtek Australia David Brabham
74%
1955 Cooper Australia Jack Brabham
74%
1956 Maserati Australia Jack Brabham
74%
1957 Cooper Australia Jack Brabham
74%
1958 Cooper Australia Jack Brabham
74%
1959 Cooper Australia Jack Brabham
74%
1960 Cooper Australia Jack Brabham
74%
1961 Cooper Australia Jack Brabham
74%
1962 Brabham Australia Jack Brabham
74%
1962 Lotus Australia Jack Brabham
74%
1963 Brabham Australia Jack Brabham
74%
1963 Lotus Australia Jack Brabham
74%
1964 Brabham Australia Jack Brabham
74%
1965 Brabham Australia Jack Brabham
74%
1966 Brabham Australia Jack Brabham
74%
1967 Brabham Australia Jack Brabham
74%
1968 Brabham Australia Jack Brabham
74%
1969 Brabham Australia Jack Brabham
74%
1970 Brabham Australia Jack Brabham
74%
1968 Lotus United States Mario Andretti
74%
1969 Lotus United States Mario Andretti
74%
1970 March United States Mario Andretti
74%
1971 Ferrari United States Mario Andretti
74%
1972 Ferrari United States Mario Andretti
74%
1974 Parnelli United States Mario Andretti
74%
1975 Parnelli United States Mario Andretti
74%
1976 Lotus United States Mario Andretti
74%
1976 Parnelli United States Mario Andretti
74%
1977 Lotus United States Mario Andretti
74%
1978 Lotus United States Mario Andretti
74%
1979 Lotus United States Mario Andretti
74%
1980 Lotus United States Mario Andretti
74%
1981 Alfa Romeo United States Mario Andretti
74%
1982 Ferrari United States Mario Andretti
74%
1982 Williams United States Mario Andretti
74%
1993 McLaren United States Michael Andretti
74%
2016 McLaren Belgium Stoffel Vandoorne
74%
2017 McLaren Belgium Stoffel Vandoorne
74%
2018 McLaren Belgium Stoffel Vandoorne
74%
1986 Osella Canada Allen Berg
72%
1993 Jordan United Kingdom Eddie Irvine
72%
1994 Jordan United Kingdom Eddie Irvine
72%
1995 Jordan United Kingdom Eddie Irvine
72%
1996 Ferrari United Kingdom Eddie Irvine
72%
1997 Ferrari United Kingdom Eddie Irvine
72%
1998 Ferrari United Kingdom Eddie Irvine
72%
1999 Ferrari United Kingdom Eddie Irvine
72%
2000 Jaguar United Kingdom Eddie Irvine
72%
2001 Jaguar United Kingdom Eddie Irvine
72%
2002 Jaguar United Kingdom Eddie Irvine
72%
1996 Minardi Italy Giancarlo Fisichella
72%
1997 Jordan Italy Giancarlo Fisichella
72%
1998 Benetton Italy Giancarlo Fisichella
72%
1999 Benetton Italy Giancarlo Fisichella
72%
2000 Benetton Italy Giancarlo Fisichella
72%
2001 Benetton Italy Giancarlo Fisichella
72%
2002 Jordan Italy Giancarlo Fisichella
72%
2003 Jordan Italy Giancarlo Fisichella
72%
2004 Sauber Italy Giancarlo Fisichella
72%
2005 Renault Italy Giancarlo Fisichella
72%
2006 Renault Italy Giancarlo Fisichella
72%
2007 Renault Italy Giancarlo Fisichella
72%
2008 Force India Italy Giancarlo Fisichella
72%
2009 Ferrari Italy Giancarlo Fisichella
72%
2009 Force India Italy Giancarlo Fisichella
72%
2013 Marussia France Jules Bianchi
72%
2014 Marussia France Jules Bianchi
72%
2009 Toyota Japan Kamui Kobayashi
72%
2010 BMW Sauber Japan Kamui Kobayashi
72%
2011 Sauber Japan Kamui Kobayashi
72%
2012 Sauber Japan Kamui Kobayashi
72%
2014 Caterham Japan Kamui Kobayashi
72%
1960 Cooper Belgium Lucien Bianchi
72%
1961 Lotus Belgium Lucien Bianchi
72%
1962 ENB Belgium Lucien Bianchi
72%
1962 Lotus Belgium Lucien Bianchi
72%
1963 Lola Belgium Lucien Bianchi
72%
1965 BRM Belgium Lucien Bianchi
72%
1968 Cooper Belgium Lucien Bianchi
72%
2013 Sauber Mexico Esteban Gutiérrez
70%
2014 Sauber Mexico Esteban Gutiérrez
70%
2016 Haas Mexico Esteban Gutiérrez
70%
1953 Simca-Gordini Belgium Georges Berger
70%
1954 Gordini Belgium Georges Berger
70%
1984 ATS Austria Gerhard Berger
70%
1985 Arrows Austria Gerhard Berger
70%
1986 Benetton Austria Gerhard Berger
70%
1987 Ferrari Austria Gerhard Berger
70%
1988 Ferrari Austria Gerhard Berger
70%
1989 Ferrari Austria Gerhard Berger
70%
1990 McLaren Austria Gerhard Berger
70%
1991 McLaren Austria Gerhard Berger
70%
1992 McLaren Austria Gerhard Berger
70%
1993 Ferrari Austria Gerhard Berger
70%
1994 Ferrari Austria Gerhard Berger
70%
1995 Ferrari Austria Gerhard Berger
70%
1996 Benetton Austria Gerhard Berger
70%
1997 Benetton Austria Gerhard Berger
70%
2007 Spyker Germany Adrian Sutil
69%
2008 Force India Germany Adrian Sutil
69%
2009 Force India Germany Adrian Sutil
69%
2010 Force India Germany Adrian Sutil
69%
2011 Force India Germany Adrian Sutil
69%
2013 Force India Germany Adrian Sutil
69%
2014 Sauber Germany Adrian Sutil
69%
1959 Cooper New Zealand Bruce McLaren
69%
1960 Cooper New Zealand Bruce McLaren
69%
1961 Cooper New Zealand Bruce McLaren
69%
1962 Cooper New Zealand Bruce McLaren
69%
1963 Cooper New Zealand Bruce McLaren
69%
1964 Cooper New Zealand Bruce McLaren
69%
1965 Cooper New Zealand Bruce McLaren
69%
1966 McLaren New Zealand Bruce McLaren
69%
1967 Eagle New Zealand Bruce McLaren
69%
1967 McLaren New Zealand Bruce McLaren
69%
1968 McLaren New Zealand Bruce McLaren
69%
1969 McLaren New Zealand Bruce McLaren
69%
1970 McLaren New Zealand Bruce McLaren
69%
1994 Sauber Germany Heinz-Harald Frentzen
69%
1995 Sauber Germany Heinz-Harald Frentzen
69%
1996 Sauber Germany Heinz-Harald Frentzen
69%
1997 Williams Germany Heinz-Harald Frentzen
69%
1998 Williams Germany Heinz-Harald Frentzen
69%
1999 Jordan Germany Heinz-Harald Frentzen
69%
2000 Jordan Germany Heinz-Harald Frentzen
69%
2001 Jordan Germany Heinz-Harald Frentzen
69%
2001 Prost Germany Heinz-Harald Frentzen
69%
2002 Arrows Germany Heinz-Harald Frentzen
69%
2002 Sauber Germany Heinz-Harald Frentzen
69%
2003 Sauber Germany Heinz-Harald Frentzen
69%
1989 Tyrrell France Jean Alesi
69%
1990 Tyrrell France Jean Alesi
69%
1991 Ferrari France Jean Alesi
69%
1992 Ferrari France Jean Alesi
69%
1993 Ferrari France Jean Alesi
69%
1994 Ferrari France Jean Alesi
69%
1995 Ferrari France Jean Alesi
69%
1996 Benetton France Jean Alesi
69%
1997 Benetton France Jean Alesi
69%
1998 Sauber France Jean Alesi
69%
1999 Sauber France Jean Alesi
69%
2000 Prost France Jean Alesi
69%
2001 Jordan France Jean Alesi
69%
2001 Prost France Jean Alesi
69%
2016 Renault United Kingdom Jolyon Palmer
69%
2017 Renault United Kingdom Jolyon Palmer
69%
1983 Williams United Kingdom Jonathan Palmer
69%
1984 RAM United Kingdom Jonathan Palmer
69%
1985 Zakspeed United Kingdom Jonathan Palmer
69%
1986 Zakspeed United Kingdom Jonathan Palmer
69%
1987 Tyrrell United Kingdom Jonathan Palmer
69%
1988 Tyrrell United Kingdom Jonathan Palmer
69%
1989 Tyrrell United Kingdom Jonathan Palmer
69%
1999 Arrows Spain Pedro de la Rosa
69%
2000 Arrows Spain Pedro de la Rosa
69%
2001 Jaguar Spain Pedro de la Rosa
69%
2002 Jaguar Spain Pedro de la Rosa
69%
2005 McLaren Spain Pedro de la Rosa
69%
2006 McLaren Spain Pedro de la Rosa
69%
2010 BMW Sauber Spain Pedro de la Rosa
69%
2011 Sauber Spain Pedro de la Rosa
69%
2012 HRT Spain Pedro de la Rosa
69%
2018 Williams Russia Sergey Sirotkin
69%
1975 Hesketh Sweden Torsten Palm
69%
1975 Hesketh Australia Alan Jones
67%
1975 Hill Australia Alan Jones
67%
1976 Surtees Australia Alan Jones
67%
1977 Shadow Australia Alan Jones
67%
1978 Williams Australia Alan Jones
67%
1979 Williams Australia Alan Jones
67%
1980 Williams Australia Alan Jones
67%
1981 Williams Australia Alan Jones
67%
1983 Arrows Australia Alan Jones
67%
1985 Lola Australia Alan Jones
67%
1986 Lola Australia Alan Jones
67%
1965 Brabham New Zealand Denny Hulme
67%
1966 Brabham New Zealand Denny Hulme
67%
1967 Brabham New Zealand Denny Hulme
67%
1968 McLaren New Zealand Denny Hulme
67%
1969 McLaren New Zealand Denny Hulme
67%
1970 McLaren New Zealand Denny Hulme
67%
1971 McLaren New Zealand Denny Hulme
67%
1972 McLaren New Zealand Denny Hulme
67%
1973 McLaren New Zealand Denny Hulme
67%
1974 McLaren New Zealand Denny Hulme
67%
2007 Renault Finland Heikki Kovalainen
67%
2008 McLaren Finland Heikki Kovalainen
67%
2009 McLaren Finland Heikki Kovalainen
67%
2010 Lotus Finland Heikki Kovalainen
67%
2011 Lotus Finland Heikki Kovalainen
67%
2012 Caterham Finland Heikki Kovalainen
67%
2013 Lotus Finland Heikki Kovalainen
67%
1997 Minardi Italy Jarno Trulli
67%
1997 Prost Italy Jarno Trulli
67%
1998 Prost Italy Jarno Trulli
67%
1999 Prost Italy Jarno Trulli
67%
2000 Jordan Italy Jarno Trulli
67%
2001 Jordan Italy Jarno Trulli
67%
2002 Renault Italy Jarno Trulli
67%
2003 Renault Italy Jarno Trulli
67%
2004 Renault Italy Jarno Trulli
67%
2004 Toyota Italy Jarno Trulli
67%
2005 Toyota Italy Jarno Trulli
67%
2006 Toyota Italy Jarno Trulli
67%
2007 Toyota Italy Jarno Trulli
67%
2008 Toyota Italy Jarno Trulli
67%
2009 Toyota Italy Jarno Trulli
67%
2010 Lotus Italy Jarno Trulli
67%
2011 Lotus Italy Jarno Trulli
67%
1962 Lotus United Kingdom John Campbell-Jones
67%
1963 Lola United Kingdom John Campbell-Jones
67%
2004 Jordan Germany Timo Glock
67%
2008 Toyota Germany Timo Glock
67%
2009 Toyota Germany Timo Glock
67%
2010 Virgin Germany Timo Glock
67%
2011 Virgin Germany Timo Glock
67%
2012 Marussia Germany Timo Glock
67%
2020 Williams United Kingdom Jack Aitken
65%
1960 Lotus United Kingdom Jim Clark
65%
1961 Lotus United Kingdom Jim Clark
65%
1962 Lotus United Kingdom Jim Clark
65%
1963 Lotus United Kingdom Jim Clark
65%
1964 Lotus United Kingdom Jim Clark
65%
1965 Lotus United Kingdom Jim Clark
65%
1966 Lotus United Kingdom Jim Clark
65%
1967 Lotus United Kingdom Jim Clark
65%
1968 Lotus United Kingdom Jim Clark
65%
2000 Prost Germany Nick Heidfeld
65%
2001 Sauber Germany Nick Heidfeld
65%
2002 Sauber Germany Nick Heidfeld
65%
2003 Sauber Germany Nick Heidfeld
65%
2004 Jordan Germany Nick Heidfeld
65%
2005 Williams Germany Nick Heidfeld
65%
2006 BMW Sauber Germany Nick Heidfeld
65%
2007 BMW Sauber Germany Nick Heidfeld
65%
2008 BMW Sauber Germany Nick Heidfeld
65%
2009 BMW Sauber Germany Nick Heidfeld
65%
2010 BMW Sauber Germany Nick Heidfeld
65%
2011 Renault Germany Nick Heidfeld
65%
1951 HWM United Kingdom Stirling Moss
65%
1952 Connaught United Kingdom Stirling Moss
65%
1952 ERA United Kingdom Stirling Moss
65%
1952 HWM United Kingdom Stirling Moss
65%
1953 Connaught United Kingdom Stirling Moss
65%
1953 Cooper United Kingdom Stirling Moss
65%
1954 Maserati United Kingdom Stirling Moss
65%
1955 Mercedes United Kingdom Stirling Moss
65%
1956 Maserati United Kingdom Stirling Moss
65%
1957 Maserati United Kingdom Stirling Moss
65%
1957 Vanwall United Kingdom Stirling Moss
65%
1958 Cooper United Kingdom Stirling Moss
65%
1958 Vanwall United Kingdom Stirling Moss
65%
1959 BRM United Kingdom Stirling Moss
65%
1959 Cooper United Kingdom Stirling Moss
65%
1960 Cooper United Kingdom Stirling Moss
65%
1960 Lotus United Kingdom Stirling Moss
65%
1961 Ferguson United Kingdom Stirling Moss
65%
1961 Lotus United Kingdom Stirling Moss
65%
2002 Jordan Japan Takuma Sato
65%
2003 BAR Japan Takuma Sato
65%
2004 BAR Japan Takuma Sato
65%
2005 BAR Japan Takuma Sato
65%
2006 Super Aguri Japan Takuma Sato
65%
2007 Super Aguri Japan Takuma Sato
65%
2008 Super Aguri Japan Takuma Sato
65%
2010 Renault Russia Vitaly Petrov
65%
2011 Renault Russia Vitaly Petrov
65%
2012 Caterham Russia Vitaly Petrov
65%
1976 Tyrrell Italy Alessandro Pesenti-Rossi
63%
2017 Toro Rosso New Zealand Brendon Hartley
63%
2018 Toro Rosso New Zealand Brendon Hartley
63%
2015 Sauber Brazil Felipe Nasr
63%
2016 Sauber Brazil Felipe Nasr
63%
1952 Cooper United Kingdom Mike Hawthorn
63%
1953 Ferrari United Kingdom Mike Hawthorn
63%
1954 Ferrari United Kingdom Mike Hawthorn
63%
1955 Ferrari United Kingdom Mike Hawthorn
63%
1955 Vanwall United Kingdom Mike Hawthorn
63%
1956 BRM United Kingdom Mike Hawthorn
63%
1956 Maserati United Kingdom Mike Hawthorn
63%
1956 Vanwall United Kingdom Mike Hawthorn
63%
1957 Ferrari United Kingdom Mike Hawthorn
63%
1958 Ferrari United Kingdom Mike Hawthorn
63%
1994 Lotus Finland Mika Salo
61%
1995 Tyrrell Finland Mika Salo
61%
1996 Tyrrell Finland Mika Salo
61%
1997 Tyrrell Finland Mika Salo
61%
1998 Arrows Finland Mika Salo
61%
1999 BAR Finland Mika Salo
61%
1999 Ferrari Finland Mika Salo
61%
2000 Sauber Finland Mika Salo
61%
2002 Toyota Finland Mika Salo
61%
2016 Manor Germany Pascal Wehrlein
61%
2017 Sauber Germany Pascal Wehrlein
61%
2011 Force India United Kingdom Paul di Resta
61%
2012 Force India United Kingdom Paul di Resta
61%
2013 Force India United Kingdom Paul di Resta
61%
2017 Williams United Kingdom Paul di Resta
61%
2009 Toro Rosso Switzerland Sébastien Buemi
61%
2010 Toro Rosso Switzerland Sébastien Buemi
61%
2011 Toro Rosso Switzerland Sébastien Buemi
61%
1960 Lotus United Kingdom John Surtees
59%
1961 Cooper United Kingdom John Surtees
59%
1962 Lola United Kingdom John Surtees
59%
1963 Ferrari United Kingdom John Surtees
59%
1964 Ferrari United Kingdom John Surtees
59%
1965 Ferrari United Kingdom John Surtees
59%
1966 Cooper United Kingdom John Surtees
59%
1966 Ferrari United Kingdom John Surtees
59%
1967 Honda United Kingdom John Surtees
59%
1968 Honda United Kingdom John Surtees
59%
1969 BRM United Kingdom John Surtees
59%
1970 McLaren United Kingdom John Surtees
59%
1970 Surtees United Kingdom John Surtees
59%
1971 Surtees United Kingdom John Surtees
59%
1972 Surtees United Kingdom John Surtees
59%
1994 Ligier France Olivier Panis
59%
1995 Ligier France Olivier Panis
59%
1996 Ligier France Olivier Panis
59%
1997 Prost France Olivier Panis
59%
1998 Prost France Olivier Panis
59%
1999 Prost France Olivier Panis
59%
2001 BAR France Olivier Panis
59%
2002 BAR France Olivier Panis
59%
2003 Toyota France Olivier Panis
59%
2004 Toyota France Olivier Panis
59%
1967 Cooper Belgium Jacky Ickx
57%
1968 Ferrari Belgium Jacky Ickx
57%
1969 Brabham Belgium Jacky Ickx
57%
1970 Ferrari Belgium Jacky Ickx
57%
1971 Ferrari Belgium Jacky Ickx
57%
1972 Ferrari Belgium Jacky Ickx
57%
1973 Ferrari Belgium Jacky Ickx
57%
1973 Iso-Marlboro Belgium Jacky Ickx
57%
1973 McLaren Belgium Jacky Ickx
57%
1974 Lotus Belgium Jacky Ickx
57%
1975 Lotus Belgium Jacky Ickx
57%
1976 Ensign Belgium Jacky Ickx
57%
1976 Williams Belgium Jacky Ickx
57%
1977 Ensign Belgium Jacky Ickx
57%
1978 Ensign Belgium Jacky Ickx
57%
1979 Ligier Belgium Jacky Ickx
57%
2012 Toro Rosso France Jean-Éric Vergne
57%
2013 Toro Rosso France Jean-Éric Vergne
57%
2014 Toro Rosso France Jean-Éric Vergne
57%
2013 Marussia United Kingdom Max Chilton
57%
2014 Marussia United Kingdom Max Chilton
57%
1977 Shadow Italy Riccardo Patrese
57%
1978 Arrows Italy Riccardo Patrese
57%
1979 Arrows Italy Riccardo Patrese
57%
1980 Arrows Italy Riccardo Patrese
57%
1981 Arrows Italy Riccardo Patrese
57%
1982 Brabham Italy Riccardo Patrese
57%
1983 Brabham Italy Riccardo Patrese
57%
1984 Alfa Romeo Italy Riccardo Patrese
57%
1985 Alfa Romeo Italy Riccardo Patrese
57%
1986 Brabham Italy Riccardo Patrese
57%
1987 Brabham Italy Riccardo Patrese
57%
1987 Williams Italy Riccardo Patrese
57%
1988 Williams Italy Riccardo Patrese
57%
1989 Williams Italy Riccardo Patrese
57%
1990 Williams Italy Riccardo Patrese
57%
1991 Williams Italy Riccardo Patrese
57%
1992 Williams Italy Riccardo Patrese
57%
1993 Benetton Italy Riccardo Patrese
57%
1972 Brabham Argentina Carlos Reutemann
56%
1973 Brabham Argentina Carlos Reutemann
56%
1974 Brabham Argentina Carlos Reutemann
56%
1975 Brabham Argentina Carlos Reutemann
56%
1976 Brabham Argentina Carlos Reutemann
56%
1976 Ferrari Argentina Carlos Reutemann
56%
1977 Ferrari Argentina Carlos Reutemann
56%
1978 Ferrari Argentina Carlos Reutemann
56%
1979 Lotus Argentina Carlos Reutemann
56%
1980 Williams Argentina Carlos Reutemann
56%
1981 Williams Argentina Carlos Reutemann
56%
1982 Williams Argentina Carlos Reutemann
56%
2012 Marussia France Charles Pic
56%
2013 Caterham France Charles Pic
56%
1964 Brabham Austria Jochen Rindt
56%
1965 Cooper Austria Jochen Rindt
56%
1966 Cooper Austria Jochen Rindt
56%
1967 Cooper Austria Jochen Rindt
56%
1968 Brabham Austria Jochen Rindt
56%
1969 Lotus Austria Jochen Rindt
56%
1970 Lotus Austria Jochen Rindt
56%
1989 Benetton United Kingdom Johnny Herbert
56%
1989 Tyrrell United Kingdom Johnny Herbert
56%
1990 Lotus United Kingdom Johnny Herbert
56%
1991 Lotus United Kingdom Johnny Herbert
56%
1992 Lotus United Kingdom Johnny Herbert
56%
1993 Lotus United Kingdom Johnny Herbert
56%
1994 Benetton United Kingdom Johnny Herbert
56%
1994 Ligier United Kingdom Johnny Herbert
56%
1994 Lotus United Kingdom Johnny Herbert
56%
1995 Benetton United Kingdom Johnny Herbert
56%
1996 Sauber United Kingdom Johnny Herbert
56%
1997 Sauber United Kingdom Johnny Herbert
56%
1998 Sauber United Kingdom Johnny Herbert
56%
1999 Stewart United Kingdom Johnny Herbert
56%
2000 Jaguar United Kingdom Johnny Herbert
56%
1952 Veritas West Germany Josef Peters
56%
2010 HRT India Karun Chandhok
56%
2011 Lotus India Karun Chandhok
56%
1993 Lola Italy Luca Badoer
56%
1995 Minardi Italy Luca Badoer
56%
1996 Forti Italy Luca Badoer
56%
1999 Minardi Italy Luca Badoer
56%
2009 Ferrari Italy Luca Badoer
56%
1984 Tyrrell United Kingdom Martin Brundle
56%
1985 Tyrrell United Kingdom Martin Brundle
56%
1986 Tyrrell United Kingdom Martin Brundle
56%
1987 Zakspeed United Kingdom Martin Brundle
56%
1988 Williams United Kingdom Martin Brundle
56%
1989 Brabham United Kingdom Martin Brundle
56%
1991 Brabham United Kingdom Martin Brundle
56%
1992 Benetton United Kingdom Martin Brundle
56%
1993 Ligier United Kingdom Martin Brundle
56%
1994 McLaren United Kingdom Martin Brundle
56%
1995 Ligier United Kingdom Martin Brundle
56%
1996 Jordan United Kingdom Martin Brundle
56%
2005 Red Bull Italy Vitantonio Liuzzi
56%
2006 Toro Rosso Italy Vitantonio Liuzzi
56%
2007 Toro Rosso Italy Vitantonio Liuzzi
56%
2009 Force India Italy Vitantonio Liuzzi
56%
2010 Force India Italy Vitantonio Liuzzi
56%
2011 HRT Italy Vitantonio Liuzzi
56%
2015 Marussia United States Alexander Rossi
54%
1950 Alfa Romeo Italy Luigi Fagioli
54%
1951 Alfa Romeo Italy Luigi Fagioli
54%
1970 March Sweden Ronnie Peterson
54%
1971 March Sweden Ronnie Peterson
54%
1972 March Sweden Ronnie Peterson
54%
1973 Lotus Sweden Ronnie Peterson
54%
1974 Lotus Sweden Ronnie Peterson
54%
1975 Lotus Sweden Ronnie Peterson
54%
1976 Lotus Sweden Ronnie Peterson
54%
1976 March Sweden Ronnie Peterson
54%
1977 Tyrrell Sweden Ronnie Peterson
54%
1978 Lotus Sweden Ronnie Peterson
54%
1978 Martini France René Arnoux
52%
1978 Surtees France René Arnoux
52%
1979 Renault France René Arnoux
52%
1980 Renault France René Arnoux
52%
1981 Renault France René Arnoux
52%
1982 Renault France René Arnoux
52%
1983 Ferrari France René Arnoux
52%
1984 Ferrari France René Arnoux
52%
1985 Ferrari France René Arnoux
52%
1986 Ligier France René Arnoux
52%
1987 Ligier France René Arnoux
52%
1988 Ligier France René Arnoux
52%
1989 Ligier France René Arnoux
52%
2006 Toro Rosso United States Scott Speed
52%
2007 Toro Rosso United States Scott Speed
52%
2005 Jordan Portugal Tiago Monteiro
52%
2006 Midland Portugal Tiago Monteiro
52%
1997 Benetton Austria Alexander Wurz
50%
1998 Benetton Austria Alexander Wurz
50%
1999 Benetton Austria Alexander Wurz
50%
2000 Benetton Austria Alexander Wurz
50%
2005 McLaren Austria Alexander Wurz
50%
2007 Williams Austria Alexander Wurz
50%
1980 Alfa Romeo Italy Andrea de Cesaris
50%
1981 McLaren Italy Andrea de Cesaris
50%
1982 Alfa Romeo Italy Andrea de Cesaris
50%
1983 Alfa Romeo Italy Andrea de Cesaris
50%
1984 Ligier Italy Andrea de Cesaris
50%
1985 Ligier Italy Andrea de Cesaris
50%
1986 Minardi Italy Andrea de Cesaris
50%
1987 Brabham Italy Andrea de Cesaris
50%
1988 Rial Italy Andrea de Cesaris
50%
1989 Dallara Italy Andrea de Cesaris
50%
1990 Dallara Italy Andrea de Cesaris
50%
1991 Jordan Italy Andrea de Cesaris
50%
1992 Tyrrell Italy Andrea de Cesaris
50%
1993 Tyrrell Italy Andrea de Cesaris
50%
1994 Jordan Italy Andrea de Cesaris
50%
1994 Sauber Italy Andrea de Cesaris
50%
1978 Tyrrell France Didier Pironi
50%
1979 Tyrrell France Didier Pironi
50%
1980 Ligier France Didier Pironi
50%
1981 Ferrari France Didier Pironi
50%
1982 Ferrari France Didier Pironi
50%
1979 Shadow Italy Elio de Angelis
50%
1980 Lotus Italy Elio de Angelis
50%
1981 Lotus Italy Elio de Angelis
50%
1982 Lotus Italy Elio de Angelis
50%
1983 Lotus Italy Elio de Angelis
50%
1984 Lotus Italy Elio de Angelis
50%
1985 Lotus Italy Elio de Angelis
50%
1986 Brabham Italy Elio de Angelis
50%
1989 Benetton Italy Emanuele Pirro
50%
1990 Dallara Italy Emanuele Pirro
50%
1991 Dallara Italy Emanuele Pirro
50%
2009 Toro Rosso Spain Jaime Alguersuari
50%
2010 Toro Rosso Spain Jaime Alguersuari
50%
2011 Toro Rosso Spain Jaime Alguersuari
50%
1981 Tyrrell Italy Michele Alboreto
50%
1982 Tyrrell Italy Michele Alboreto
50%
1983 Tyrrell Italy Michele Alboreto
50%
1984 Ferrari Italy Michele Alboreto
50%
1985 Ferrari Italy Michele Alboreto
50%
1986 Ferrari Italy Michele Alboreto
50%
1987 Ferrari Italy Michele Alboreto
50%
1988 Ferrari Italy Michele Alboreto
50%
1989 Lola Italy Michele Alboreto
50%
1989 Tyrrell Italy Michele Alboreto
50%
1990 Arrows Italy Michele Alboreto
50%
1991 Footwork Italy Michele Alboreto
50%
1992 Footwork Italy Michele Alboreto
50%
1993 Lola Italy Michele Alboreto
50%
1994 Minardi Italy Michele Alboreto
50%
1973 Brabham United Kingdom John Watson
48%
1974 Brabham United Kingdom John Watson
48%
1975 Lotus United Kingdom John Watson
48%
1975 Penske United Kingdom John Watson
48%
1975 Surtees United Kingdom John Watson
48%
1976 Penske United Kingdom John Watson
48%
1977 Brabham United Kingdom John Watson
48%
1978 Brabham United Kingdom John Watson
48%
1979 McLaren United Kingdom John Watson
48%
1980 McLaren United Kingdom John Watson
48%
1981 McLaren United Kingdom John Watson
48%
1982 McLaren United Kingdom John Watson
48%
1983 McLaren United Kingdom John Watson
48%
1985 McLaren United Kingdom John Watson
48%
2007 Williams Japan Kazuki Nakajima
48%
2008 Williams Japan Kazuki Nakajima
48%
2009 Williams Japan Kazuki Nakajima
48%
2016 Manor Indonesia Rio Haryanto
48%
1987 Lotus Japan Satoru Nakajima
48%
1988 Lotus Japan Satoru Nakajima
48%
1989 Lotus Japan Satoru Nakajima
48%
1990 Tyrrell Japan Satoru Nakajima
48%
1991 Tyrrell Japan Satoru Nakajima
48%
1983 Arrows Belgium Thierry Boutsen
48%
1984 Arrows Belgium Thierry Boutsen
48%
1985 Arrows Belgium Thierry Boutsen
48%
1986 Arrows Belgium Thierry Boutsen
48%
1987 Benetton Belgium Thierry Boutsen
48%
1988 Benetton Belgium Thierry Boutsen
48%
1989 Williams Belgium Thierry Boutsen
48%
1990 Williams Belgium Thierry Boutsen
48%
1991 Ligier Belgium Thierry Boutsen
48%
1992 Ligier Belgium Thierry Boutsen
48%
1993 Jordan Belgium Thierry Boutsen
48%
1986 Minardi Italy Alessandro Nannini
46%
1987 Minardi Italy Alessandro Nannini
46%
1988 Benetton Italy Alessandro Nannini
46%
1989 Benetton Italy Alessandro Nannini
46%
1990 Benetton Italy Alessandro Nannini
46%
2015 Marussia Spain Roberto Merhi
46%
1994 Simtek Austria Roland Ratzenberger
46%
1957 Ferrari West Germany Wolfgang von Trips
46%
1958 Ferrari West Germany Wolfgang von Trips
46%
1959 Ferrari West Germany Wolfgang von Trips
46%
1959 Porsche West Germany Wolfgang von Trips
46%
1960 Cooper West Germany Wolfgang von Trips
46%
1960 Ferrari West Germany Wolfgang von Trips
46%
1961 Ferrari West Germany Wolfgang von Trips
46%
1991 Jordan Italy Alessandro Zanardi
44%
1992 Minardi Italy Alessandro Zanardi
44%
1993 Lotus Italy Alessandro Zanardi
44%
1994 Lotus Italy Alessandro Zanardi
44%
1999 Williams Italy Alessandro Zanardi
44%
2014 Caterham Germany André Lotterer
44%
2004 Jaguar Austria Christian Klien
44%
2005 Red Bull Austria Christian Klien
44%
2006 Red Bull Austria Christian Klien
44%
2010 HRT Austria Christian Klien
44%
1974 Iso-Marlboro France Jacques Laffite
44%
1975 Williams France Jacques Laffite
44%
1976 Ligier France Jacques Laffite
44%
1977 Ligier France Jacques Laffite
44%
1978 Ligier France Jacques Laffite
44%
1979 Ligier France Jacques Laffite
44%
1980 Ligier France Jacques Laffite
44%
1981 Ligier France Jacques Laffite
44%
1982 Ligier France Jacques Laffite
44%
1983 Williams France Jacques Laffite
44%
1984 Williams France Jacques Laffite
44%
1985 Ligier France Jacques Laffite
44%
1986 Ligier France Jacques Laffite
44%
2005 Jordan India Narain Karthikeyan
44%
2011 HRT India Narain Karthikeyan
44%
2012 HRT India Narain Karthikeyan
44%
1963 Lotus Mexico Pedro Rodríguez
44%
1964 Ferrari Mexico Pedro Rodríguez
44%
1965 Ferrari Mexico Pedro Rodríguez
44%
1966 Lotus Mexico Pedro Rodríguez
44%
1967 Cooper Mexico Pedro Rodríguez
44%
1968 BRM Mexico Pedro Rodríguez
44%
1969 BRM Mexico Pedro Rodríguez
44%
1969 Ferrari Mexico Pedro Rodríguez
44%
1970 BRM Mexico Pedro Rodríguez
44%
1971 BRM Mexico Pedro Rodríguez
44%
1961 Ferrari Mexico Ricardo Rodríguez
44%
1962 Ferrari Mexico Ricardo Rodríguez
44%
2006 Super Aguri Japan Yuji Ide
44%
2001 Minardi Malaysia Alex Yoong
43%
2002 Minardi Malaysia Alex Yoong
43%
1950 Talbot-Lago France Eugène Martin
43%
1970 March France François Cevert
43%
1971 Tyrrell France François Cevert
43%
1972 Tyrrell France François Cevert
43%
1973 Tyrrell France François Cevert
43%
2013 Caterham Netherlands Giedo van der Garde
43%
1967 Ferrari United Kingdom Jonathan Williams
43%
2014 Caterham United Kingdom Will Stevens
43%
2015 Marussia United Kingdom Will Stevens
43%
1970 Ferrari Switzerland Clay Regazzoni
41%
1971 Ferrari Switzerland Clay Regazzoni
41%
1972 Ferrari Switzerland Clay Regazzoni
41%
1973 BRM Switzerland Clay Regazzoni
41%
1974 Ferrari Switzerland Clay Regazzoni
41%
1975 Ferrari Switzerland Clay Regazzoni
41%
1976 Ferrari Switzerland Clay Regazzoni
41%
1977 Ensign Switzerland Clay Regazzoni
41%
1978 Shadow Switzerland Clay Regazzoni
41%
1979 Williams Switzerland Clay Regazzoni
41%
1980 Ensign Switzerland Clay Regazzoni
41%
1950 Maserati Argentina José Froilán González
41%
1951 Ferrari Argentina José Froilán González
41%
1951 Talbot-Lago Argentina José Froilán González
41%
1952 Maserati Argentina José Froilán González
41%
1953 Maserati Argentina José Froilán González
41%
1954 Ferrari Argentina José Froilán González
41%
1955 Ferrari Argentina José Froilán González
41%
1956 Maserati Argentina José Froilán González
41%
1956 Vanwall Argentina José Froilán González
41%
1957 Ferrari Argentina José Froilán González
41%
1960 Ferrari Argentina José Froilán González
41%
1953 Maserati Italy Luigi Musso
41%
1954 Maserati Italy Luigi Musso
41%
1955 Maserati Italy Luigi Musso
41%
1956 Ferrari Italy Luigi Musso
41%
1957 Ferrari Italy Luigi Musso
41%
1958 Ferrari Italy Luigi Musso
41%
1956 Maserati Uruguay Óscar González
41%
1977 Ensign France Patrick Tambay
41%
1978 McLaren France Patrick Tambay
41%
1979 McLaren France Patrick Tambay
41%
1981 Ligier France Patrick Tambay
41%
1981 Theodore France Patrick Tambay
41%
1982 Ferrari France Patrick Tambay
41%
1983 Ferrari France Patrick Tambay
41%
1984 Renault France Patrick Tambay
41%
1985 Renault France Patrick Tambay
41%
1986 Lola France Patrick Tambay
41%
1952 HWM United Kingdom Peter Collins
41%
1953 HWM United Kingdom Peter Collins
41%
1954 Vanwall United Kingdom Peter Collins
41%
1955 Maserati United Kingdom Peter Collins
41%
1956 Ferrari United Kingdom Peter Collins
41%
1957 Ferrari United Kingdom Peter Collins
41%
1958 Ferrari United Kingdom Peter Collins
41%
2002 Minardi United Kingdom Anthony Davidson
39%
2005 BAR United Kingdom Anthony Davidson
39%
2007 Super Aguri United Kingdom Anthony Davidson
39%
2008 Super Aguri United Kingdom Anthony Davidson
39%
2003 Jaguar United Kingdom Justin Wilson
39%
2003 Minardi United Kingdom Justin Wilson
39%
1999 Minardi Spain Marc Gené
39%
2000 Minardi Spain Marc Gené
39%
2003 Williams Spain Marc Gené
39%
2004 Williams Spain Marc Gené
39%
1974 Shadow United Kingdom Tom Pryce
39%
1974 Token United Kingdom Tom Pryce
39%
1975 Shadow United Kingdom Tom Pryce
39%
1976 Shadow United Kingdom Tom Pryce
39%
1977 Shadow United Kingdom Tom Pryce
39%
1960 Cooper United Kingdom Vic Wilson
39%
1988 Lola Japan Aguri Suzuki
37%
1990 Lola Japan Aguri Suzuki
37%
1991 Larrousse Japan Aguri Suzuki
37%
1992 Footwork Japan Aguri Suzuki
37%
1993 Footwork Japan Aguri Suzuki
37%
1994 Jordan Japan Aguri Suzuki
37%
1995 Ligier Japan Aguri Suzuki
37%
1975 Tyrrell France Jean-Pierre Jabouille
37%
1977 Renault France Jean-Pierre Jabouille
37%
1978 Renault France Jean-Pierre Jabouille
37%
1979 Renault France Jean-Pierre Jabouille
37%
1980 Renault France Jean-Pierre Jabouille
37%
1981 Ligier France Jean-Pierre Jabouille
37%
2011 Virgin Belgium Jérôme d'Ambrosio
37%
2012 Lotus Belgium Jérôme d'Ambrosio
37%
1989 Onyx Finland JJ Lehto
37%
1990 Onyx Finland JJ Lehto
37%
1991 Dallara Finland JJ Lehto
37%
1992 Dallara Finland JJ Lehto
37%
1993 Sauber Finland JJ Lehto
37%
1994 Benetton Finland JJ Lehto
37%
1994 Sauber Finland JJ Lehto
37%
1962 Cooper Rhodesia John Love
37%
1963 Cooper Rhodesia John Love
37%
1965 Cooper Rhodesia John Love
37%
1967 Cooper Rhodesia John Love
37%
1968 Brabham Rhodesia John Love
37%
1969 Lotus Rhodesia John Love
37%
1970 Lotus Rhodesia John Love
37%
1971 March Rhodesia John Love
37%
1972 Surtees Rhodesia John Love
37%
1972 Tyrrell France Patrick Depailler
37%
1974 Tyrrell France Patrick Depailler
37%
1975 Tyrrell France Patrick Depailler
37%
1976 Tyrrell France Patrick Depailler
37%
1977 Tyrrell France Patrick Depailler
37%
1978 Tyrrell France Patrick Depailler
37%
1979 Ligier France Patrick Depailler
37%
1980 Alfa Romeo France Patrick Depailler
37%
1995 Forti Brazil Pedro Diniz
37%
1996 Ligier Brazil Pedro Diniz
37%
1997 Arrows Brazil Pedro Diniz
37%
1998 Arrows Brazil Pedro Diniz
37%
1999 Sauber Brazil Pedro Diniz
37%
2000 Sauber Brazil Pedro Diniz
37%
1950 Alfa Romeo Italy Piero Taruffi
37%
1951 Ferrari Italy Piero Taruffi
37%
1952 Ferrari Italy Piero Taruffi
37%
1954 Ferrari Italy Piero Taruffi
37%
1955 Ferrari Italy Piero Taruffi
37%
1955 Mercedes Italy Piero Taruffi
37%
1956 Maserati Italy Piero Taruffi
37%
1956 Vanwall Italy Piero Taruffi
37%
1999 BAR Brazil Ricardo Zonta
37%
2000 BAR Brazil Ricardo Zonta
37%
2001 Jordan Brazil Ricardo Zonta
37%
2004 Toyota Brazil Ricardo Zonta
37%
1956 BRM United Kingdom Tony Brooks
37%
1957 Vanwall United Kingdom Tony Brooks
37%
1958 Vanwall United Kingdom Tony Brooks
37%
1959 Ferrari United Kingdom Tony Brooks
37%
1959 Vanwall United Kingdom Tony Brooks
37%
1960 Cooper United Kingdom Tony Brooks
37%
1960 Vanwall United Kingdom Tony Brooks
37%
1961 BRM United Kingdom Tony Brooks
37%
1993 Larrousse Japan Toshio Suzuki
37%
1956 Maserati Sweden Jo Bonnier
35%
1957 Maserati Sweden Jo Bonnier
35%
1958 BRM Sweden Jo Bonnier
35%
1958 Maserati Sweden Jo Bonnier
35%
1959 BRM Sweden Jo Bonnier
35%
1960 BRM Sweden Jo Bonnier
35%
1961 Porsche Sweden Jo Bonnier
35%
1962 Porsche Sweden Jo Bonnier
35%
1963 Cooper Sweden Jo Bonnier
35%
1964 Brabham Sweden Jo Bonnier
35%
1964 Cooper Sweden Jo Bonnier
35%
1965 Brabham Sweden Jo Bonnier
35%
1966 Brabham Sweden Jo Bonnier
35%
1966 Cooper Sweden Jo Bonnier
35%
1967 Cooper Sweden Jo Bonnier
35%
1968 Cooper Sweden Jo Bonnier
35%
1968 Honda Sweden Jo Bonnier
35%
1968 McLaren Sweden Jo Bonnier
35%
1969 McLaren Sweden Jo Bonnier
35%
1970 McLaren Sweden Jo Bonnier
35%
1971 McLaren Sweden Jo Bonnier
35%
2005 Minardi Monaco Robert Doornbos
35%
2006 Red Bull Netherlands Robert Doornbos
35%
2006 Super Aguri Japan Sakon Yamamoto
35%
2007 Spyker Japan Sakon Yamamoto
35%
2010 HRT Japan Sakon Yamamoto
35%
2008 Toro Rosso France Sébastien Bourdais
35%
2009 Toro Rosso France Sébastien Bourdais
35%
2005 Minardi Netherlands Christijan Albers
33%
2006 Midland Netherlands Christijan Albers
33%
2007 Spyker Netherlands Christijan Albers
33%
1959 Lotus United Kingdom Innes Ireland
33%
1960 Lotus United Kingdom Innes Ireland
33%
1961 Lotus United Kingdom Innes Ireland
33%
1962 Lotus United Kingdom Innes Ireland
33%
1963 BRP United Kingdom Innes Ireland
33%
1963 Lotus United Kingdom Innes Ireland
33%
1964 BRP United Kingdom Innes Ireland
33%
1965 Lotus United Kingdom Innes Ireland
33%
1966 BRM United Kingdom Innes Ireland
33%
1961 Cooper Italy Lorenzo Bandini
33%
1962 Ferrari Italy Lorenzo Bandini
33%
1963 BRM Italy Lorenzo Bandini
33%
1963 Ferrari Italy Lorenzo Bandini
33%
1964 Ferrari Italy Lorenzo Bandini
33%
1965 Ferrari Italy Lorenzo Bandini
33%
1966 Ferrari Italy Lorenzo Bandini
33%
1967 Ferrari Italy Lorenzo Bandini
33%
1950 Maserati Monaco Louis Chiron
33%
1951 Maserati Monaco Louis Chiron
33%
1951 Talbot-Lago Monaco Louis Chiron
33%
1953 OSCA Monaco Louis Chiron
33%
1955 Lancia Monaco Louis Chiron
33%
1988 Minardi Spain Luis Pérez-Sala
33%
1989 Minardi Spain Luis Pérez-Sala
33%
1982 ATS West Germany Manfred Winkelhock
33%
1983 ATS West Germany Manfred Winkelhock
33%
1984 ATS West Germany Manfred Winkelhock
33%
1984 Brabham West Germany Manfred Winkelhock
33%
1985 RAM West Germany Manfred Winkelhock
33%
2007 Spyker Germany Markus Winkelhock
33%
1985 Minardi Italy Pierluigi Martini
33%
1988 Minardi Italy Pierluigi Martini
33%
1989 Minardi Italy Pierluigi Martini
33%
1990 Minardi Italy Pierluigi Martini
33%
1991 Minardi Italy Pierluigi Martini
33%
1992 Dallara Italy Pierluigi Martini
33%
1993 Minardi Italy Pierluigi Martini
33%
1994 Minardi Italy Pierluigi Martini
33%
1995 Minardi Italy Pierluigi Martini
33%
1950 Maserati Thailand Prince Bira
33%
1951 Maserati Thailand Prince Bira
33%
1952 Gordini Thailand Prince Bira
33%
1952 Simca-Gordini Thailand Prince Bira
33%
1953 Connaught Thailand Prince Bira
33%
1953 Maserati Thailand Prince Bira
33%
1954 Maserati Thailand Prince Bira
33%
1960 Ferrari United States Richie Ginther
33%
1961 Ferrari United States Richie Ginther
33%
1962 BRM United States Richie Ginther
33%
1963 BRM United States Richie Ginther
33%
1964 BRM United States Richie Ginther
33%
1965 Honda United States Richie Ginther
33%
1966 Cooper United States Richie Ginther
33%
1966 Honda United States Richie Ginther
33%
1983 Spirit Sweden Stefan Johansson
33%
1984 Toleman Sweden Stefan Johansson
33%
1984 Tyrrell Sweden Stefan Johansson
33%
1985 Ferrari Sweden Stefan Johansson
33%
1985 Tyrrell Sweden Stefan Johansson
33%
1986 Ferrari Sweden Stefan Johansson
33%
1987 McLaren Sweden Stefan Johansson
33%
1988 Ligier Sweden Stefan Johansson
33%
1989 Onyx Sweden Stefan Johansson
33%
1991 Footwork Sweden Stefan Johansson
33%
1972 Ferrari Italy Arturo Merzario
31%
1973 Ferrari Italy Arturo Merzario
31%
1974 Iso-Marlboro Italy Arturo Merzario
31%
1975 Copersucar Italy Arturo Merzario
31%
1975 Williams Italy Arturo Merzario
31%
1976 March Italy Arturo Merzario
31%
1976 Williams Italy Arturo Merzario
31%
1977 March Italy Arturo Merzario
31%
1977 Shadow Italy Arturo Merzario
31%
1978 Merzario Italy Arturo Merzario
31%
1979 Merzario Italy Arturo Merzario
31%
1972 March Brazil Carlos Pace
31%
1973 Surtees Brazil Carlos Pace
31%
1974 Brabham Brazil Carlos Pace
31%
1974 Surtees Brazil Carlos Pace
31%
1975 Brabham Brazil Carlos Pace
31%
1976 Brabham Brazil Carlos Pace
31%
1977 Brabham Brazil Carlos Pace
31%
1981 Ensign Chile Eliseo Salazar
31%
1981 March Chile Eliseo Salazar
31%
1982 ATS Chile Eliseo Salazar
31%
1983 RAM-March Chile Eliseo Salazar
31%
2000 Minardi Argentina Gastón Mazzacane
31%
2001 Prost Argentina Gastón Mazzacane
31%
1971 BRM Austria Helmut Marko
31%
1972 BRM Austria Helmut Marko
31%
1971 March France Jean-Pierre Jarier
31%
1973 March France Jean-Pierre Jarier
31%
1974 Shadow France Jean-Pierre Jarier
31%
1975 Shadow France Jean-Pierre Jarier
31%
1976 Shadow France Jean-Pierre Jarier
31%
1977 Ligier France Jean-Pierre Jarier
31%
1977 Penske France Jean-Pierre Jarier
31%
1977 Shadow France Jean-Pierre Jarier
31%
1978 ATS France Jean-Pierre Jarier
31%
1978 Lotus France Jean-Pierre Jarier
31%
1979 Tyrrell France Jean-Pierre Jarier
31%
1980 Tyrrell France Jean-Pierre Jarier
31%
1981 Ligier France Jean-Pierre Jarier
31%
1981 Osella France Jean-Pierre Jarier
31%
1982 Osella France Jean-Pierre Jarier
31%
1983 Ligier France Jean-Pierre Jarier
31%
2010 Virgin Brazil Lucas di Grassi
31%
1974 March Italy Vittorio Brambilla
31%
1975 March Italy Vittorio Brambilla
31%
1976 March Italy Vittorio Brambilla
31%
1977 Surtees Italy Vittorio Brambilla
31%
1978 Surtees Italy Vittorio Brambilla
31%
1979 Alfa Romeo Italy Vittorio Brambilla
31%
1980 Alfa Romeo Italy Vittorio Brambilla
31%
2003 Jaguar Brazil Antônio Pizzonia
30%
2004 Williams Brazil Antônio Pizzonia
30%
2005 Williams Brazil Antônio Pizzonia
30%
1963 Lola New Zealand Chris Amon
30%
1963 Lotus New Zealand Chris Amon
30%
1964 Lotus New Zealand Chris Amon
30%
1965 Lotus New Zealand Chris Amon
30%
1966 Cooper New Zealand Chris Amon
30%
1967 Ferrari New Zealand Chris Amon
30%
1968 Ferrari New Zealand Chris Amon
30%
1969 Ferrari New Zealand Chris Amon
30%
1970 March New Zealand Chris Amon
30%
1971 Matra New Zealand Chris Amon
30%
1972 Matra New Zealand Chris Amon
30%
1973 Tecno New Zealand Chris Amon
30%
1973 Tyrrell New Zealand Chris Amon
30%
1974 Amon New Zealand Chris Amon
30%
1974 BRM New Zealand Chris Amon
30%
1975 Ensign New Zealand Chris Amon
30%
1976 Ensign New Zealand Chris Amon
30%
1959 Ferrari United States Dan Gurney
30%
1960 BRM United States Dan Gurney
30%
1961 Porsche United States Dan Gurney
30%
1962 Porsche United States Dan Gurney
30%
1963 Brabham United States Dan Gurney
30%
1964 Brabham United States Dan Gurney
30%
1965 Brabham United States Dan Gurney
30%
1966 Eagle United States Dan Gurney
30%
1967 Eagle United States Dan Gurney
30%
1968 Brabham United States Dan Gurney
30%
1968 Eagle United States Dan Gurney
30%
1968 McLaren United States Dan Gurney
30%
1970 McLaren United States Dan Gurney
30%
1981 Toleman United Kingdom Derek Warwick
30%
1982 Toleman United Kingdom Derek Warwick
30%
1983 Toleman United Kingdom Derek Warwick
30%
1984 Renault United Kingdom Derek Warwick
30%
1985 Renault United Kingdom Derek Warwick
30%
1986 Brabham United Kingdom Derek Warwick
30%
1987 Arrows United Kingdom Derek Warwick
30%
1988 Arrows United Kingdom Derek Warwick
30%
1989 Arrows United Kingdom Derek Warwick
30%
1990 Lotus United Kingdom Derek Warwick
30%
1993 Footwork United Kingdom Derek Warwick
30%
1962 Lotus Switzerland Jo Siffert
30%
1963 Lotus Switzerland Jo Siffert
30%
1964 Brabham Switzerland Jo Siffert
30%
1964 Lotus Switzerland Jo Siffert
30%
1965 Brabham Switzerland Jo Siffert
30%
1966 Brabham Switzerland Jo Siffert
30%
1966 Cooper Switzerland Jo Siffert
30%
1967 Cooper Switzerland Jo Siffert
30%
1968 Cooper Switzerland Jo Siffert
30%
1968 Lotus Switzerland Jo Siffert
30%
1969 Lotus Switzerland Jo Siffert
30%
1970 March Switzerland Jo Siffert
30%
1971 BRM Switzerland Jo Siffert
30%
1950 ERA United Kingdom Leslie Johnson
30%
1963 Ferrari Italy Ludovico Scarfiotti
30%
1964 Ferrari Italy Ludovico Scarfiotti
30%
1966 Ferrari Italy Ludovico Scarfiotti
30%
1967 Eagle Italy Ludovico Scarfiotti
30%
1967 Ferrari Italy Ludovico Scarfiotti
30%
1968 Cooper Italy Ludovico Scarfiotti
30%
1950 Simca-Gordini France Maurice Trintignant
30%
1951 Simca-Gordini France Maurice Trintignant
30%
1952 Gordini France Maurice Trintignant
30%
1952 Simca-Gordini France Maurice Trintignant
30%
1953 Gordini France Maurice Trintignant
30%
1954 Ferrari France Maurice Trintignant
30%
1955 Ferrari France Maurice Trintignant
30%
1956 Bugatti France Maurice Trintignant
30%
1956 Vanwall France Maurice Trintignant
30%
1957 Ferrari France Maurice Trintignant
30%
1958 BRM France Maurice Trintignant
30%
1958 Cooper France Maurice Trintignant
30%
1958 Maserati France Maurice Trintignant
30%
1959 Cooper France Maurice Trintignant
30%
1960 Aston Martin France Maurice Trintignant
30%
1960 Cooper France Maurice Trintignant
30%
1961 Cooper France Maurice Trintignant
30%
1962 Lotus France Maurice Trintignant
30%
1963 BRM France Maurice Trintignant
30%
1963 Lola France Maurice Trintignant
30%
1963 Lotus France Maurice Trintignant
30%
1964 BRM France Maurice Trintignant
30%
1987 AGS Brazil Roberto Moreno
30%
1989 Coloni Brazil Roberto Moreno
30%
1990 Benetton Brazil Roberto Moreno
30%
1990 EuroBrun Brazil Roberto Moreno
30%
1991 Benetton Brazil Roberto Moreno
30%
1991 Jordan Brazil Roberto Moreno
30%
1991 Minardi Brazil Roberto Moreno
30%
1992 Andrea Moda Brazil Roberto Moreno
30%
1995 Forti Brazil Roberto Moreno
30%
1973 March United Kingdom Roger Williamson
30%
1957 Connaught United Kingdom Stuart Lewis-Evans
30%
1957 Vanwall United Kingdom Stuart Lewis-Evans
30%
1958 Vanwall United Kingdom Stuart Lewis-Evans
30%
2003 Jordan Hungary Zsolt Baumgartner
30%
2004 Minardi Hungary Zsolt Baumgartner
30%
1961 Ferrari Italy Giancarlo Baghetti
28%
1962 Ferrari Italy Giancarlo Baghetti
28%
1963 A-T-S Italy Giancarlo Baghetti
28%
1964 BRM Italy Giancarlo Baghetti
28%
1965 Brabham Italy Giancarlo Baghetti
28%
1966 Ferrari Italy Giancarlo Baghetti
28%
1967 Lotus Italy Giancarlo Baghetti
28%
1967 Matra France Jean-Pierre Beltoise
28%
1968 Matra France Jean-Pierre Beltoise
28%
1969 Matra France Jean-Pierre Beltoise
28%
1970 Matra France Jean-Pierre Beltoise
28%
1971 Matra France Jean-Pierre Beltoise
28%
1972 BRM France Jean-Pierre Beltoise
28%
1973 BRM France Jean-Pierre Beltoise
28%
1974 BRM France Jean-Pierre Beltoise
28%
2003 Jordan Ireland Ralph Firman
28%
1967 Eagle Canada Al Pease
26%
1969 Eagle Canada Al Pease
26%
1975 BRM United Kingdom Bob Evans
26%
1976 Brabham United Kingdom Bob Evans
26%
1976 Lotus United Kingdom Bob Evans
26%
1968 Ferrari United Kingdom Derek Bell
26%
1969 McLaren United Kingdom Derek Bell
26%
1970 Brabham United Kingdom Derek Bell
26%
1970 Surtees United Kingdom Derek Bell
26%
1971 Surtees United Kingdom Derek Bell
26%
1972 Tecno United Kingdom Derek Bell
26%
1974 Surtees United Kingdom Derek Bell
26%
1978 Hesketh United States Eddie Cheever
26%
1980 Osella United States Eddie Cheever
26%
1981 Tyrrell United States Eddie Cheever
26%
1982 Ligier United States Eddie Cheever
26%
1983 Renault United States Eddie Cheever
26%
1984 Alfa Romeo United States Eddie Cheever
26%
1985 Alfa Romeo United States Eddie Cheever
26%
1986 Lola United States Eddie Cheever
26%
1987 Arrows United States Eddie Cheever
26%
1988 Arrows United States Eddie Cheever
26%
1989 Arrows United States Eddie Cheever
26%
1955 Ferrari Italy Eugenio Castellotti
26%
1955 Lancia Italy Eugenio Castellotti
26%
1956 Ferrari Italy Eugenio Castellotti
26%
1957 Ferrari Italy Eugenio Castellotti
26%
2004 Minardi Italy Gianmaria Bruni
26%
1976 Lotus Sweden Gunnar Nilsson
26%
1977 Lotus Sweden Gunnar Nilsson
26%
1985 Tyrrell Italy Ivan Capelli
26%
1986 AGS Italy Ivan Capelli
26%
1987 March Italy Ivan Capelli
26%
1988 March Italy Ivan Capelli
26%
1989 March Italy Ivan Capelli
26%
1990 Leyton House Italy Ivan Capelli
26%
1991 Leyton House Italy Ivan Capelli
26%
1992 Ferrari Italy Ivan Capelli
26%
1993 Jordan Italy Ivan Capelli
26%
1950 Maserati United Kingdom Joe Fry
26%
1950 Alta Ireland Joe Kelly
26%
1951 Alta Ireland Joe Kelly
26%
2000 Jaguar Brazil Luciano Burti
26%
2001 Jaguar Brazil Luciano Burti
26%
2001 Prost Brazil Luciano Burti
26%
2003 Minardi Denmark Nicolas Kiesa
26%
1964 Lotus United States Peter Revson
26%
1971 Tyrrell United States Peter Revson
26%
1972 McLaren United States Peter Revson
26%
1973 McLaren United States Peter Revson
26%
1974 Shadow United States Peter Revson
26%
1998 Tyrrell Japan Toranosuke Takagi
26%
1999 Arrows Japan Toranosuke Takagi
26%
1952 Cooper United Kingdom Alan Brown
24%
1953 Cooper United Kingdom Alan Brown
24%
2002 Toyota United Kingdom Allan McNish
24%
1956 Connaught United Kingdom Archie Scott Brown
24%
1983 Osella Italy Corrado Fabi
24%
1984 Brabham Italy Corrado Fabi
24%
1971 Lotus Australia David Walker
24%
1972 Lotus Australia David Walker
24%
2001 Arrows Brazil Enrique Bernoldi
24%
2002 Arrows Brazil Enrique Bernoldi
24%
2006 Super Aguri France Franck Montagny
24%
1953 Veritas West Germany Hans Herrmann
24%
1954 Mercedes West Germany Hans Herrmann
24%
1955 Mercedes West Germany Hans Herrmann
24%
1957 Maserati West Germany Hans Herrmann
24%
1958 Maserati West Germany Hans Herrmann
24%
1959 BRM West Germany Hans Herrmann
24%
1959 Cooper West Germany Hans Herrmann
24%
1960 Porsche West Germany Hans Herrmann
24%
1961 Porsche West Germany Hans Herrmann
24%
1974 March West Germany Hans-Joachim Stuck
24%
1975 March West Germany Hans-Joachim Stuck
24%
1976 March West Germany Hans-Joachim Stuck
24%
1977 Brabham West Germany Hans-Joachim Stuck
24%
1977 March West Germany Hans-Joachim Stuck
24%
1978 Shadow West Germany Hans-Joachim Stuck
24%
1979 ATS West Germany Hans-Joachim Stuck
24%
1952 AFM West Germany Hans Stuck
24%
1953 AFM West Germany Hans Stuck
24%
1951 Simca-Gordini France Jean Behra
24%
1952 Gordini France Jean Behra
24%
1953 Gordini France Jean Behra
24%
1954 Gordini France Jean Behra
24%
1955 Maserati France Jean Behra
24%
1956 Maserati France Jean Behra
24%
1957 Maserati France Jean Behra
24%
1958 BRM France Jean Behra
24%
1958 Maserati France Jean Behra
24%
1959 Ferrari France Jean Behra
24%
1975 March Italy Lella Lombardi
24%
1976 Brabham Italy Lella Lombardi
24%
1976 March Italy Lella Lombardi
24%
1950 Talbot-Lago France Louis Rosier
24%
1951 Talbot-Lago France Louis Rosier
24%
1952 Ferrari France Louis Rosier
24%
1953 Ferrari France Louis Rosier
24%
1954 Ferrari France Louis Rosier
24%
1954 Maserati France Louis Rosier
24%
1955 Maserati France Louis Rosier
24%
1956 Maserati France Louis Rosier
24%
1991 Brabham United Kingdom Mark Blundell
24%
1993 Ligier United Kingdom Mark Blundell
24%
1994 Tyrrell United Kingdom Mark Blundell
24%
1995 McLaren United Kingdom Mark Blundell
24%
1987 Coloni Italy Nicola Larini
24%
1988 Osella Italy Nicola Larini
24%
1989 Osella Italy Nicola Larini
24%
1990 Ligier Italy Nicola Larini
24%
1991 Lamborghini Italy Nicola Larini
24%
1992 Ferrari Italy Nicola Larini
24%
1994 Ferrari Italy Nicola Larini
24%
1997 Sauber Italy Nicola Larini
24%
1950 ERA United Kingdom Peter Walker
24%
1951 BRM United Kingdom Peter Walker
24%
1955 Connaught United Kingdom Peter Walker
24%
1955 Maserati United Kingdom Peter Walker
24%
1950 Alfa Romeo United Kingdom Reg Parnell
24%
1950 Maserati United Kingdom Reg Parnell
24%
1951 BRM United Kingdom Reg Parnell
24%
1951 Ferrari United Kingdom Reg Parnell
24%
1952 Cooper United Kingdom Reg Parnell
24%
1954 Ferrari United Kingdom Reg Parnell
24%
1982 Toleman Italy Teo Fabi
24%
1984 Brabham Italy Teo Fabi
24%
1985 Toleman Italy Teo Fabi
24%
1986 Benetton Italy Teo Fabi
24%
1987 Benetton Italy Teo Fabi
24%
1961 Lotus United Kingdom Tim Parnell
24%
2001 Prost Czech Republic Tomáš Enge
24%
1976 Williams Australia Warwick Brown
24%
1989 Onyx Belgium Bertrand Gachot
22%
1991 Jordan Belgium Bertrand Gachot
22%
1992 Venturi France Bertrand Gachot
22%
1994 Pacific France Bertrand Gachot
22%
1995 Pacific France Bertrand Gachot
22%
1950 Maserati United Kingdom Brian Shawe-Taylor
22%
1951 ERA United Kingdom Brian Shawe-Taylor
22%
1981 Fittipaldi Brazil Chico Serra
22%
1982 Fittipaldi Brazil Chico Serra
22%
1983 Arrows Brazil Chico Serra
22%
2003 Toyota Brazil Cristiano da Matta
22%
2004 Toyota Brazil Cristiano da Matta
22%
1973 March United Kingdom David Purley
22%
1977 LEC United Kingdom David Purley
22%
1978 Ensign Ireland Derek Daly
22%
1979 Ensign Ireland Derek Daly
22%
1979 Tyrrell Ireland Derek Daly
22%
1980 Tyrrell Ireland Derek Daly
22%
1981 March Ireland Derek Daly
22%
1982 Theodore Ireland Derek Daly
22%
1982 Williams Ireland Derek Daly
22%
1998 Minardi Argentina Esteban Tuero
22%
1959 Cooper United Kingdom Henry Taylor
22%
1960 Cooper United Kingdom Henry Taylor
22%
1961 Lotus United Kingdom Henry Taylor
22%
1964 Cooper United Kingdom John Taylor
22%
1966 Brabham United Kingdom John Taylor
22%
1991 Leyton House Austria Karl Wendlinger
22%
1992 March Austria Karl Wendlinger
22%
1993 Sauber Austria Karl Wendlinger
22%
1994 Sauber Austria Karl Wendlinger
22%
1995 Sauber Austria Karl Wendlinger
22%
1959 Cooper United Kingdom Mike Taylor
22%
2005 Minardi Austria Patrick Friesacher
22%
1993 Lotus Portugal Pedro Lamy
22%
1994 Lotus Portugal Pedro Lamy
22%
1995 Minardi Portugal Pedro Lamy
22%
1996 Minardi Portugal Pedro Lamy
22%
1975 Williams Italy Renzo Zorzi
22%
1976 Williams Italy Renzo Zorzi
22%
1977 Shadow Italy Renzo Zorzi
22%
1982 Osella Italy Riccardo Paletti
22%
1961 Lotus United Kingdom Trevor Taylor
22%
1962 Lotus United Kingdom Trevor Taylor
22%
1963 Lotus United Kingdom Trevor Taylor
22%
1964 BRP United Kingdom Trevor Taylor
22%
1964 Lotus United Kingdom Trevor Taylor
22%
1966 Shannon United Kingdom Trevor Taylor
22%
1991 Ligier France Érik Comas
20%
1992 Ligier France Érik Comas
20%
1993 Larrousse France Érik Comas
20%
1994 Larrousse France Érik Comas
20%
1990 Dallara Italy Gianni Morbidelli
20%
1990 Minardi Italy Gianni Morbidelli
20%
1991 Ferrari Italy Gianni Morbidelli
20%
1991 Minardi Italy Gianni Morbidelli
20%
1992 Minardi Italy Gianni Morbidelli
20%
1994 Footwork Italy Gianni Morbidelli
20%
1995 Footwork Italy Gianni Morbidelli
20%
1997 Sauber Italy Gianni Morbidelli
20%
1977 Hesketh Mexico Héctor Rebaque
20%
1978 Lotus Mexico Héctor Rebaque
20%
1979 Lotus Mexico Héctor Rebaque
20%
1979 Rebaque Mexico Héctor Rebaque
20%
1980 Brabham Mexico Héctor Rebaque
20%
1981 Brabham Mexico Héctor Rebaque
20%
1971 March France Max Jean
20%
1970 McLaren United Kingdom Peter Gethin
20%
1971 BRM United Kingdom Peter Gethin
20%
1971 McLaren United Kingdom Peter Gethin
20%
1972 BRM United Kingdom Peter Gethin
20%
1973 BRM United Kingdom Peter Gethin
20%
1974 Lola United Kingdom Peter Gethin
20%
1984 RAM France Philippe Alliot
20%
1985 RAM France Philippe Alliot
20%
1986 Ligier France Philippe Alliot
20%
1987 Lola France Philippe Alliot
20%
1988 Lola France Philippe Alliot
20%
1989 Lola France Philippe Alliot
20%
1990 Ligier France Philippe Alliot
20%
1993 Larrousse France Philippe Alliot
20%
1994 Larrousse France Philippe Alliot
20%
1994 McLaren France Philippe Alliot
20%
1967 BRM United Kingdom Piers Courage
20%
1967 Lotus United Kingdom Piers Courage
20%
1968 BRM United Kingdom Piers Courage
20%
1969 Brabham United Kingdom Piers Courage
20%
1970 De Tomaso United Kingdom Piers Courage
20%
1951 Ferrari Switzerland Rudi Fischer
20%
1952 Ferrari Switzerland Rudi Fischer
20%
1996 Minardi Brazil Tarso Marques
20%
1997 Minardi Brazil Tarso Marques
20%
2001 Minardi Brazil Tarso Marques
20%
1992 Venturi Japan Ukyo Katayama
20%
1993 Tyrrell Japan Ukyo Katayama
20%
1994 Tyrrell Japan Ukyo Katayama
20%
1995 Tyrrell Japan Ukyo Katayama
20%
1996 Tyrrell Japan Ukyo Katayama
20%
1997 Minardi Japan Ukyo Katayama
20%
1951 Simca-Gordini France Aldo Gordini
19%
1986 Osella Italy Alex Caffi
19%
1987 Osella Italy Alex Caffi
19%
1988 Dallara Italy Alex Caffi
19%
1989 Dallara Italy Alex Caffi
19%
1990 Arrows Italy Alex Caffi
19%
1991 Footwork Italy Alex Caffi
19%
1956 Ferrari Spain Alfonso de Portago
19%
1957 Ferrari Spain Alfonso de Portago
19%
1959 Cooper United Kingdom Colin Davis
19%
1974 Brabham France Gérard Larrousse
19%
1961 Cooper United Kingdom Jackie Lewis
19%
1962 Cooper United Kingdom Jackie Lewis
19%
1968 Lotus United Kingdom Jackie Oliver
19%
1969 BRM United Kingdom Jackie Oliver
19%
1970 BRM United Kingdom Jackie Oliver
19%
1971 McLaren United Kingdom Jackie Oliver
19%
1972 BRM United Kingdom Jackie Oliver
19%
1973 Shadow United Kingdom Jackie Oliver
19%
1977 Shadow United Kingdom Jackie Oliver
19%
1954 Mercedes West Germany Karl Kling
19%
1955 Mercedes West Germany Karl Kling
19%
1950 Ferrari Italy Luigi Villoresi
19%
1951 Ferrari Italy Luigi Villoresi
19%
1952 Ferrari Italy Luigi Villoresi
19%
1953 Ferrari Italy Luigi Villoresi
19%
1954 Lancia Italy Luigi Villoresi
19%
1954 Maserati Italy Luigi Villoresi
19%
1955 Lancia Italy Luigi Villoresi
19%
1956 Maserati Italy Luigi Villoresi
19%
1988 March Brazil Maurício Gugelmin
19%
1989 March Brazil Maurício Gugelmin
19%
1990 Leyton House Brazil Maurício Gugelmin
19%
1991 Leyton House Brazil Maurício Gugelmin
19%
1992 Jordan Brazil Maurício Gugelmin
19%
1963 Lola United Kingdom Mike Hailwood
19%
1963 Lotus United Kingdom Mike Hailwood
19%
1964 Lotus United Kingdom Mike Hailwood
19%
1965 Lotus United Kingdom Mike Hailwood
19%
1971 Surtees United Kingdom Mike Hailwood
19%
1972 Surtees United Kingdom Mike Hailwood
19%
1973 Surtees United Kingdom Mike Hailwood
19%
1974 McLaren United Kingdom Mike Hailwood
19%
1951 Maserati-Milano Argentina Onofre Marimón
19%
1953 Maserati Argentina Onofre Marimón
19%
1954 Maserati Argentina Onofre Marimón
19%
1952 HWM Belgium Paul Frère
19%
1952 Simca-Gordini Belgium Paul Frère
19%
1953 HWM Belgium Paul Frère
19%
1954 Gordini Belgium Paul Frère
19%
1955 Ferrari Belgium Paul Frère
19%
1956 Ferrari Belgium Paul Frère
19%
1997 Prost Japan Shinji Nakano
19%
1998 Minardi Japan Shinji Nakano
19%
1999 Minardi France Stéphane Sarrazin
19%
1994 Simtek Japan Taki Inoue
19%
1995 Footwork Japan Taki Inoue
19%
1968 Ferrari Italy Andrea de Adamich
17%
1970 McLaren Italy Andrea de Adamich
17%
1971 March Italy Andrea de Adamich
17%
1972 Surtees Italy Andrea de Adamich
17%
1973 Brabham Italy Andrea de Adamich
17%
1973 Surtees Italy Andrea de Adamich
17%
1995 Pacific Italy Andrea Montermini
17%
1996 Forti Italy Andrea Montermini
17%
1963 Lola United Kingdom Bob Anderson
17%
1964 Brabham United Kingdom Bob Anderson
17%
1965 Brabham United Kingdom Bob Anderson
17%
1966 Brabham United Kingdom Bob Anderson
17%
1967 Brabham United Kingdom Bob Anderson
17%
1977 McLaren Italy Bruno Giacomelli
17%
1978 McLaren Italy Bruno Giacomelli
17%
1979 Alfa Romeo Italy Bruno Giacomelli
17%
1980 Alfa Romeo Italy Bruno Giacomelli
17%
1981 Alfa Romeo Italy Bruno Giacomelli
17%
1982 Alfa Romeo Italy Bruno Giacomelli
17%
1983 Toleman Italy Bruno Giacomelli
17%
1958 Porsche Netherlands Carel Godin de Beaufort
17%
1959 Maserati Netherlands Carel Godin de Beaufort
17%
1959 Porsche Netherlands Carel Godin de Beaufort
17%
1960 Cooper Netherlands Carel Godin de Beaufort
17%
1961 Porsche Netherlands Carel Godin de Beaufort
17%
1962 Porsche Netherlands Carel Godin de Beaufort
17%
1963 Porsche Netherlands Carel Godin de Beaufort
17%
1964 Porsche Netherlands Carel Godin de Beaufort
17%
1976 Surtees Sweden Conny Andersson
17%
1950 Ferrari Italy Dorino Serafini
17%
1950 Maserati Switzerland Emmanuel "Toulo" de Graffenried
17%
1951 Alfa Romeo Switzerland Emmanuel "Toulo" de Graffenried
17%
1951 Maserati Switzerland Emmanuel "Toulo" de Graffenried
17%
1952 Maserati Switzerland Emmanuel "Toulo" de Graffenried
17%
1953 Maserati Switzerland Emmanuel "Toulo" de Graffenried
17%
1954 Maserati Switzerland Emmanuel "Toulo" de Graffenried
17%
1956 Maserati Switzerland Emmanuel "Toulo" de Graffenried
17%
1989 Lola France Éric Bernard
17%
1990 Lola France Éric Bernard
17%
1991 Lola France Éric Bernard
17%
1994 Ligier France Éric Bernard
17%
1994 Lotus France Éric Bernard
17%
2004 Jordan Italy Giorgio Pantano
17%
1952 Veritas West Germany Hans Klenk
17%
1950 Cooper United States Harry Schell
17%
1950 Talbot-Lago United States Harry Schell
17%
1951 Maserati United States Harry Schell
17%
1952 Maserati United States Harry Schell
17%
1953 Gordini United States Harry Schell
17%
1954 Maserati United States Harry Schell
17%
1955 Ferrari United States Harry Schell
17%
1955 Maserati United States Harry Schell
17%
1955 Vanwall United States Harry Schell
17%
1956 Maserati United States Harry Schell
17%
1956 Vanwall United States Harry Schell
17%
1957 Maserati United States Harry Schell
17%
1958 BRM United States Harry Schell
17%
1958 Maserati United States Harry Schell
17%
1959 BRM United States Harry Schell
17%
1959 Cooper United States Harry Schell
17%
1960 Cooper United States Harry Schell
17%
1974 Surtees Austria Helmut Koinigg
17%
1983 Theodore Venezuela Johnny Cecotto
17%
1984 Toleman Venezuela Johnny Cecotto
17%
1971 McLaren United States Mark Donohue
17%
1974 Penske United States Mark Donohue
17%
1975 March United States Mark Donohue
17%
1975 Penske United States Mark Donohue
17%
1957 Maserati United States Masten Gregory
17%
1958 Maserati United States Masten Gregory
17%
1959 Cooper United States Masten Gregory
17%
1960 Cooper United States Masten Gregory
17%
1960 Porsche United States Masten Gregory
17%
1961 Cooper United States Masten Gregory
17%
1961 Lotus United States Masten Gregory
17%
1962 Lotus United States Masten Gregory
17%
1963 Lola United States Masten Gregory
17%
1963 Lotus United States Masten Gregory
17%
1965 BRM United States Masten Gregory
17%
1994 Larrousse Monaco Olivier Beretta
17%
1956 Emeryson United Kingdom Paul Emery
17%
1950 Simca-Gordini France Robert Manzon
17%
1951 Simca-Gordini France Robert Manzon
17%
1952 Gordini France Robert Manzon
17%
1953 Gordini France Robert Manzon
17%
1954 Ferrari France Robert Manzon
17%
1955 Gordini France Robert Manzon
17%
1956 Gordini France Robert Manzon
17%
1961 Cooper United States Roger Penske
17%
1962 Lotus United States Roger Penske
17%
1984 Tyrrell West Germany Stefan Bellof
17%
1985 Tyrrell West Germany Stefan Bellof
17%
1987 Brabham Italy Stefano Modena
17%
1988 EuroBrun Italy Stefano Modena
17%
1989 Brabham Italy Stefano Modena
17%
1990 Brabham Italy Stefano Modena
17%
1991 Tyrrell Italy Stefano Modena
17%
1992 Jordan Italy Stefano Modena
17%
1953 Ferrari Italy Umberto Maglioli
17%
1954 Ferrari Italy Umberto Maglioli
17%
1955 Ferrari Italy Umberto Maglioli
17%
1956 Maserati Italy Umberto Maglioli
17%
1952 Aston United Kingdom Bill Aston
15%
1985 Zakspeed West Germany Christian Danner
15%
1986 Arrows West Germany Christian Danner
15%
1986 Osella West Germany Christian Danner
15%
1987 Zakspeed West Germany Christian Danner
15%
1989 Rial West Germany Christian Danner
15%
1950 ERA United Kingdom Cuth Harrison
15%
1950 Maserati-Milano Italy Felice Bonetto
15%
1951 Alfa Romeo Italy Felice Bonetto
15%
1952 Maserati Italy Felice Bonetto
15%
1953 Maserati Italy Felice Bonetto
15%
1979 Shadow Netherlands Jan Lammers
15%
1980 ATS Netherlands Jan Lammers
15%
1980 Ensign Netherlands Jan Lammers
15%
1981 ATS Netherlands Jan Lammers
15%
1982 Theodore Netherlands Jan Lammers
15%
1992 March Netherlands Jan Lammers
15%
1979 Ensign Switzerland Marc Surer
15%
1980 ATS Switzerland Marc Surer
15%
1981 Ensign Switzerland Marc Surer
15%
1981 Theodore Switzerland Marc Surer
15%
1982 Arrows Switzerland Marc Surer
15%
1983 Arrows Switzerland Marc Surer
15%
1984 Arrows Switzerland Marc Surer
15%
1985 Brabham Switzerland Marc Surer
15%
1986 Arrows Switzerland Marc Surer
15%
1962 Cooper South Africa Mike Harris
15%
1956 Ferrari Belgium Olivier Gendebien
15%
1958 Ferrari Belgium Olivier Gendebien
15%
1959 Ferrari Belgium Olivier Gendebien
15%
1960 Cooper Belgium Olivier Gendebien
15%
1961 Ferrari Belgium Olivier Gendebien
15%
1961 Lotus Belgium Olivier Gendebien
15%
1994 Lotus Belgium Philippe Adams
15%
1984 Renault France Philippe Streiff
15%
1985 Ligier France Philippe Streiff
15%
1985 Tyrrell France Philippe Streiff
15%
1986 Tyrrell France Philippe Streiff
15%
1987 Tyrrell France Philippe Streiff
15%
1988 AGS France Philippe Streiff
15%
1996 Footwork Brazil Ricardo Rosset
15%
1998 Tyrrell Brazil Ricardo Rosset
15%
1973 Ensign Liechtenstein Rikky von Opel
15%
1974 Brabham Liechtenstein Rikky von Opel
15%
1959 Kurtis Kraft United States Rodger Ward
15%
1963 Lotus United States Rodger Ward
15%
1981 ATS Sweden Slim Borgudd
15%
1982 Tyrrell Sweden Slim Borgudd
15%
1970 De Tomaso Australia Tim Schenken
15%
1971 Brabham Australia Tim Schenken
15%
1972 Surtees Australia Tim Schenken
15%
1973 Iso-Marlboro Australia Tim Schenken
15%
1974 Lotus Australia Tim Schenken
15%
1974 Trojan Australia Tim Schenken
15%
1961 Lotus South Africa Tony Maggs
15%
1962 Cooper South Africa Tony Maggs
15%
1963 Cooper South Africa Tony Maggs
15%
1964 BRM South Africa Tony Maggs
15%
1965 Lotus South Africa Tony Maggs
15%
1958 Maserati United States Troy Ruttman
15%
1953 Cooper Argentina Adolfo Schwelm Cruz
13%
1965 Ferrari United States Bob Bondurant
13%
1965 Lotus United States Bob Bondurant
13%
1966 BRM United States Bob Bondurant
13%
1966 Eagle United States Bob Bondurant
13%
1975 Hesketh United States Brett Lunger
13%
1976 Surtees United States Brett Lunger
13%
1977 March United States Brett Lunger
13%
1977 McLaren United States Brett Lunger
13%
1978 Ensign United States Brett Lunger
13%
1978 McLaren United States Brett Lunger
13%
1971 Brabham United Kingdom Chris Craft
13%
1994 Simtek Italy Domenico Schiattarella
13%
1995 Simtek Italy Domenico Schiattarella
13%
1977 McLaren Spain Emilio de Villota
13%
1991 Lamborghini Belgium Eric van de Poele
13%
1992 Brabham Belgium Eric van de Poele
13%
1992 Fondmetal Belgium Eric van de Poele
13%
1984 Ligier France François Hesnault
13%
1985 Brabham France François Hesnault
13%
1985 Renault France François Hesnault
13%
1950 Maserati Italy Franco Rol
13%
1951 OSCA Italy Franco Rol
13%
1952 Maserati Italy Franco Rol
13%
1952 Alta United Kingdom Graham Whitehead
13%
1966 Cooper France Guy Ligier
13%
1967 Brabham France Guy Ligier
13%
1967 Cooper France Guy Ligier
13%
1950 Talbot-Lago France Guy Mairesse
13%
1951 Talbot-Lago France Guy Mairesse
13%
1968 Matra France Henri Pescarolo
13%
1970 Matra France Henri Pescarolo
13%
1971 March France Henri Pescarolo
13%
1972 March France Henri Pescarolo
13%
1972 Politoys France Henri Pescarolo
13%
1973 Iso-Marlboro France Henri Pescarolo
13%
1973 March France Henri Pescarolo
13%
1974 BRM France Henri Pescarolo
13%
1976 Surtees France Henri Pescarolo
13%
1953 Maserati West Germany Hermann Lang
13%
1954 Mercedes West Germany Hermann Lang
13%
1994 Larrousse Switzerland Jean-Denis Délétraz
13%
1995 Pacific Switzerland Jean-Denis Délétraz
13%
1988 Williams France Jean-Louis Schlesser
13%
1969 Lotus United Kingdom John Miles
13%
1970 Lotus United Kingdom John Miles
13%
1968 Honda France Jo Schlesser
13%
1974 Surtees Finland Leo Kinnunen
13%
1993 Jordan Italy Marco Apicella
13%
1958 Maserati Italy Maria Teresa de Filippis
13%
1971 March Italy Nanni Galli
13%
1972 Ferrari Italy Nanni Galli
13%
1972 Tecno Italy Nanni Galli
13%
1973 Iso-Marlboro Italy Nanni Galli
13%
1950 Ferrari United Kingdom Peter Whitehead
13%
1951 Ferrari United Kingdom Peter Whitehead
13%
1952 Alta United Kingdom Peter Whitehead
13%
1952 Ferrari United Kingdom Peter Whitehead
13%
1953 Cooper United Kingdom Peter Whitehead
13%
1954 Cooper United Kingdom Peter Whitehead
13%
1981 Osella Italy Piercarlo Ghinzani
13%
1983 Osella Italy Piercarlo Ghinzani
13%
1984 Osella Italy Piercarlo Ghinzani
13%
1985 Osella Italy Piercarlo Ghinzani
13%
1985 Toleman Italy Piercarlo Ghinzani
13%
1986 Osella Italy Piercarlo Ghinzani
13%
1987 Ligier Italy Piercarlo Ghinzani
13%
1988 Zakspeed Italy Piercarlo Ghinzani
13%
1989 Osella Italy Piercarlo Ghinzani
13%
1970 Brabham West Germany Rolf Stommelen
13%
1971 Surtees West Germany Rolf Stommelen
13%
1972 Eifelland West Germany Rolf Stommelen
13%
1973 Brabham West Germany Rolf Stommelen
13%
1974 Lola West Germany Rolf Stommelen
13%
1975 Hill West Germany Rolf Stommelen
13%
1975 Lola West Germany Rolf Stommelen
13%
1976 Brabham West Germany Rolf Stommelen
13%
1976 Hesketh West Germany Rolf Stommelen
13%
1978 Arrows West Germany Rolf Stommelen
13%
1952 Ferrari United Kingdom Roy Salvadori
13%
1953 Connaught United Kingdom Roy Salvadori
13%
1954 Maserati United Kingdom Roy Salvadori
13%
1955 Maserati United Kingdom Roy Salvadori
13%
1956 Maserati United Kingdom Roy Salvadori
13%
1957 Cooper United Kingdom Roy Salvadori
13%
1957 Vanwall United Kingdom Roy Salvadori
13%
1958 Cooper United Kingdom Roy Salvadori
13%
1959 Aston Martin United Kingdom Roy Salvadori
13%
1959 Cooper United Kingdom Roy Salvadori
13%
1960 Aston Martin United Kingdom Roy Salvadori
13%
1960 Cooper United Kingdom Roy Salvadori
13%
1961 Cooper United Kingdom Roy Salvadori
13%
1962 Lola United Kingdom Roy Salvadori
13%
1960 Ferrari Belgium Willy Mairesse
13%
1961 Ferrari Belgium Willy Mairesse
13%
1961 Lotus Belgium Willy Mairesse
13%
1962 Ferrari Belgium Willy Mairesse
13%
1963 Ferrari Belgium Willy Mairesse
13%
1957 Ferrari Argentina Alejandro de Tomaso
11%
1959 Cooper Argentina Alejandro de Tomaso
11%
1992 Fondmetal Switzerland Andrea Chiesa
11%
1951 Talbot-Lago Belgium André Pilette
11%
1953 Connaught Belgium André Pilette
11%
1954 Gordini Belgium André Pilette
11%
1956 Ferrari Belgium André Pilette
11%
1956 Gordini Belgium André Pilette
11%
1964 Scirocco Belgium André Pilette
11%
1981 Osella Italy Beppe Gabbiani
11%
1975 Lotus United Kingdom Brian Henton
11%
1977 Boro United Kingdom Brian Henton
11%
1977 March United Kingdom Brian Henton
11%
1981 Toleman United Kingdom Brian Henton
11%
1982 Arrows United Kingdom Brian Henton
11%
1982 Tyrrell United Kingdom Brian Henton
11%
1968 Cooper United Kingdom Brian Redman
11%
1971 Surtees United Kingdom Brian Redman
11%
1972 BRM United Kingdom Brian Redman
11%
1972 McLaren United Kingdom Brian Redman
11%
1973 Shadow United Kingdom Brian Redman
11%
1974 Shadow United Kingdom Brian Redman
11%
1953 Gordini Argentina Carlos Menditeguy
11%
1955 Maserati Argentina Carlos Menditeguy
11%
1956 Maserati Argentina Carlos Menditeguy
11%
1957 Maserati Argentina Carlos Menditeguy
11%
1958 Maserati Argentina Carlos Menditeguy
11%
1960 Cooper Argentina Carlos Menditeguy
11%
1958 Maserati United States Carroll Shelby
11%
1959 Aston Martin United States Carroll Shelby
11%
1951 Ferrari Brazil Chico Landi
11%
1952 Maserati Brazil Chico Landi
11%
1953 Maserati Brazil Chico Landi
11%
1956 Maserati Brazil Chico Landi
11%
1950 Alfa Romeo Italy Consalvo Sanesi
11%
1951 Alfa Romeo Italy Consalvo Sanesi
11%
1974 Surtees Austria Dieter Quester
11%
1952 HWM Netherlands Dries van der Lof
11%
1973 Shadow United States George Follmer
11%
1971 Surtees Netherlands Gijs van Lennep
11%
1973 Iso-Marlboro Netherlands Gijs van Lennep
11%
1974 Iso-Marlboro Netherlands Gijs van Lennep
11%
1975 Ensign Netherlands Gijs van Lennep
11%
1990 Brabham Switzerland Gregor Foitek
11%
1990 Onyx Switzerland Gregor Foitek
11%
1994 Larrousse Japan Hideki Noda
11%
1958 Cooper United Kingdom Ian Burgess
11%
1959 Cooper United Kingdom Ian Burgess
11%
1960 Cooper United Kingdom Ian Burgess
11%
1961 Cooper United Kingdom Ian Burgess
11%
1961 Lotus United Kingdom Ian Burgess
11%
1962 Cooper United Kingdom Ian Burgess
11%
1963 Scirocco United Kingdom Ian Burgess
11%
1976 Copersucar Brazil Ingo Hoffmann
11%
1977 Copersucar Brazil Ingo Hoffmann
11%
1960 Lotus United States Jim Hall
11%
1961 Lotus United States Jim Hall
11%
1963 Lotus United States Jim Hall
11%
1951 Maserati United Kingdom John James
11%
1950 Talbot-Lago Belgium Johnny Claes
11%
1951 Talbot-Lago Belgium Johnny Claes
11%
1952 Gordini Belgium Johnny Claes
11%
1952 HWM Belgium Johnny Claes
11%
1952 Simca-Gordini Belgium Johnny Claes
11%
1953 Connaught Belgium Johnny Claes
11%
1953 Maserati Belgium Johnny Claes
11%
1955 Ferrari Belgium Johnny Claes
11%
1988 Tyrrell United Kingdom Julian Bailey
11%
1991 Lotus United Kingdom Julian Bailey
11%
1952 Connaught United Kingdom Kenneth McAlpine
11%
1953 Connaught United Kingdom Kenneth McAlpine
11%
1955 Connaught United Kingdom Kenneth McAlpine
11%
1953 Ferrari West Germany Kurt Adolff
11%
1982 Arrows Italy Mauro Baldi
11%
1983 Alfa Romeo Italy Mauro Baldi
11%
1984 Spirit Italy Mauro Baldi
11%
1985 Spirit Italy Mauro Baldi
11%
1961 Lotus Switzerland Michael May
11%
1966 Ferrari United Kingdom Mike Parkes
11%
1967 Ferrari United Kingdom Mike Parkes
11%
1950 Maserati Italy Nello Pagani
11%
1997 Sauber Argentina Norberto Fontana
11%
1951 Maserati Spain Paco Godia
11%
1954 Maserati Spain Paco Godia
11%
1956 Maserati Spain Paco Godia
11%
1957 Maserati Spain Paco Godia
11%
1958 Maserati Spain Paco Godia
11%
1974 Lotus South Africa Paddy Driver
11%
1976 Brabham Belgium Patrick Nève
11%
1976 Ensign Belgium Patrick Nève
11%
1977 March Belgium Patrick Nève
11%
1992 March France Paul Belmondo
11%
1994 Pacific France Paul Belmondo
11%
1964 Lotus United Kingdom Peter Arundell
11%
1966 Lotus United Kingdom Peter Arundell
11%
1950 Ferrari France Raymond Sommer
11%
1950 Talbot-Lago France Raymond Sommer
11%
1953 Gordini Argentina Roberto Mieres
11%
1954 Maserati Argentina Roberto Mieres
11%
1955 Maserati Argentina Roberto Mieres
11%
1975 Ensign Netherlands Roelof Wunderink
11%
1954 Maserati United Kingdom Ron Flockhart
11%
1956 BRM United Kingdom Ron Flockhart
11%
1956 Connaught United Kingdom Ron Flockhart
11%
1957 BRM United Kingdom Ron Flockhart
11%
1958 BRM United Kingdom Ron Flockhart
11%
1959 BRM United Kingdom Ron Flockhart
11%
1960 Cooper United Kingdom Ron Flockhart
11%
1960 Lotus United Kingdom Ron Flockhart
11%
1974 Brabham Belgium Teddy Pilette
11%
1962 Cooper United States Timmy Mayer
11%
1982 Theodore Ireland Tommy Byrne
11%
1987 Lola France Yannick Dalmas
11%
1988 Lola France Yannick Dalmas
11%
1990 AGS France Yannick Dalmas
11%
1994 Larrousse France Yannick Dalmas
11%
1950 Talbot-Lago France Yves Giraud-Cabantous
11%
1951 Talbot-Lago France Yves Giraud-Cabantous
11%
1952 HWM France Yves Giraud-Cabantous
11%
1953 HWM France Yves Giraud-Cabantous
11%
1987 Minardi Spain Adrián Campos
9%
1988 Minardi Spain Adrián Campos
9%
1958 Lotus United Kingdom Alan Stacey
9%
1959 Lotus United Kingdom Alan Stacey
9%
1960 Lotus United Kingdom Alan Stacey
9%
1960 Cooper United Kingdom Arthur Owen
9%
1962 Porsche Netherlands Ben Pon
9%
1988 Zakspeed West Germany Bernd Schneider
9%
1989 Zakspeed West Germany Bernd Schneider
9%
1990 Arrows West Germany Bernd Schneider
9%
1978 Wolf United States Bobby Rahal
9%
1968 BRM United States Bobby Unser
9%
1960 Maserati United States Bob Drake
9%
1950 ERA United Kingdom Bob Gerard
9%
1951 ERA United Kingdom Bob Gerard
9%
1953 Cooper United Kingdom Bob Gerard
9%
1954 Cooper United Kingdom Bob Gerard
9%
1956 Cooper United Kingdom Bob Gerard
9%
1957 Cooper United Kingdom Bob Gerard
9%
1962 BRM South Africa Bruce Johnstone
9%
1955 Maserati Italy Cesare Perdisa
9%
1956 Maserati Italy Cesare Perdisa
9%
1957 Ferrari Italy Cesare Perdisa
9%
1959 Cooper United Kingdom Chris Bristow
9%
1960 Cooper United Kingdom Chris Bristow
9%
1966 Cooper United Kingdom Chris Lawrence
9%
1958 Lotus United Kingdom Cliff Allison
9%
1958 Maserati United Kingdom Cliff Allison
9%
1959 Ferrari United Kingdom Cliff Allison
9%
1960 Ferrari United Kingdom Cliff Allison
9%
1961 Lotus United Kingdom Cliff Allison
9%
1983 Tyrrell United States Danny Sullivan
9%
1975 Surtees United Kingdom Dave Morgan
9%
1954 Connaught United Kingdom Don Beauman
9%
1953 EMW East Germany Edgar Barth
9%
1960 Porsche West Germany Edgar Barth
9%
1964 Cooper West Germany Edgar Barth
9%
1992 March Italy Emanuele Naspetti
9%
1993 Jordan Italy Emanuele Naspetti
9%
1952 BMW East Germany Ernst Klodwig
9%
1953 BMW East Germany Ernst Klodwig
9%
1953 Veritas West Germany Ernst Loof
9%
1950 Talbot-Lago France Eugène Chaboud
9%
1951 Talbot-Lago France Eugène Chaboud
9%
1950 Maserati-Milano Italy Franco Comotti
9%
1952 Ferrari Italy Franco Comotti
9%
1972 Connew France François Migault
9%
1974 BRM France François Migault
9%
1975 Hill France François Migault
9%
1959 Maserati Brazil Fritz d'Orey
9%
1959 Tec-Mec Brazil Fritz d'Orey
9%
1987 Osella Italy Gabriele Tarquini
9%
1988 Coloni Italy Gabriele Tarquini
9%
1989 AGS Italy Gabriele Tarquini
9%
1990 AGS Italy Gabriele Tarquini
9%
1991 AGS Italy Gabriele Tarquini
9%
1991 Fondmetal Italy Gabriele Tarquini
9%
1992 Fondmetal Italy Gabriele Tarquini
9%
1995 Tyrrell Italy Gabriele Tarquini
9%
1951 HWM United Kingdom George Abecassis
9%
1952 HWM United Kingdom George Abecassis
9%
1995 Pacific Italy Giovanni Lavaggi
9%
1996 Minardi Italy Giovanni Lavaggi
9%
1958 Maserati Italy Giulio Cabianca
9%
1959 Maserati Italy Giulio Cabianca
9%
1960 Cooper Italy Giulio Cabianca
9%
1974 Lola United Kingdom Guy Edwards
9%
1976 Hesketh United Kingdom Guy Edwards
9%
1975 Hesketh Austria Harald Ertl
9%
1976 Hesketh Austria Harald Ertl
9%
1977 Hesketh Austria Harald Ertl
9%
1978 Ensign Austria Harald Ertl
9%
1957 BRM United States Herbert MacKay-Fraser
9%
1971 BRM New Zealand Howden Ganley
9%
1972 BRM New Zealand Howden Ganley
9%
1973 Iso-Marlboro New Zealand Howden Ganley
9%
1974 March New Zealand Howden Ganley
9%
1974 Token United Kingdom Ian Ashley
9%
1976 BRM United Kingdom Ian Ashley
9%
1977 Hesketh United Kingdom Ian Ashley
9%
1970 Ferrari Italy Ignazio Giunti
9%
1953 Connaught United Kingdom Jack Fairman
9%
1953 HWM United Kingdom Jack Fairman
9%
1956 Connaught United Kingdom Jack Fairman
9%
1957 BRM United Kingdom Jack Fairman
9%
1958 Connaught United Kingdom Jack Fairman
9%
1958 Cooper United Kingdom Jack Fairman
9%
1959 Cooper United Kingdom Jack Fairman
9%
1960 Cooper United Kingdom Jack Fairman
9%
1961 Cooper United Kingdom Jack Fairman
9%
1961 Ferguson United Kingdom Jack Fairman
9%
1952 Maserati Netherlands Jan Flinterman
9%
1993 Minardi France Jean-Marc Gounon
9%
1994 Simtek France Jean-Marc Gounon
9%
1955 Gordini Argentina Jesús Iglesias
9%
1953 Cooper United Kingdom John Barber
9%
1986 Lotus United Kingdom Johnny Dumfries
9%
1967 Matra France Johnny Servoz-Gavin
9%
1968 Cooper France Johnny Servoz-Gavin
9%
1968 Matra France Johnny Servoz-Gavin
9%
1969 Matra France Johnny Servoz-Gavin
9%
1970 March France Johnny Servoz-Gavin
9%
1976 Tyrrell Japan Kazuyoshi Hoshino
9%
1977 Kojima Japan Kazuyoshi Hoshino
9%
1983 RAM-March United Kingdom Kenny Acheson
9%
1985 RAM United Kingdom Kenny Acheson
9%
1952 Cooper United Kingdom Ken Wharton
9%
1952 Frazer-Nash United Kingdom Ken Wharton
9%
1953 Cooper United Kingdom Ken Wharton
9%
1954 Maserati United Kingdom Ken Wharton
9%
1955 Vanwall United Kingdom Ken Wharton
9%
1977 Tyrrell Japan Kunimitsu Takahashi
9%
1968 Brabham West Germany Kurt Ahrens Jr.
9%
1976 Brabham Switzerland Loris Kessel
9%
1959 Cooper Portugal Mário de Araújo Cabral
9%
1960 Cooper Portugal Mário de Araújo Cabral
9%
1963 Cooper Portugal Mário de Araújo Cabral
9%
1964 A-T-S Portugal Mário de Araújo Cabral
9%
1989 Arrows United Kingdom Martin Donnelly
9%
1990 Lotus United Kingdom Martin Donnelly
9%
1976 Kojima Japan Masahiro Hasemi
9%
1975 Tyrrell France Michel Leclère
9%
1976 Williams France Michel Leclère
9%
1971 March United Kingdom Mike Beuttler
9%
1972 March United Kingdom Mike Beuttler
9%
1973 March United Kingdom Mike Beuttler
9%
1963 Lotus United Kingdom Mike Spence
9%
1964 Lotus United Kingdom Mike Spence
9%
1965 Lotus United Kingdom Mike Spence
9%
1966 Lotus United Kingdom Mike Spence
9%
1967 BRM United Kingdom Mike Spence
9%
1968 BRM United Kingdom Mike Spence
9%
1980 Tyrrell New Zealand Mike Thackwell
9%
1984 RAM New Zealand Mike Thackwell
9%
1962 Lotus South Africa Neville Lederle
9%
1989 Ligier France Olivier Grouillard
9%
1990 Osella France Olivier Grouillard
9%
1991 Fondmetal France Olivier Grouillard
9%
1992 Tyrrell France Olivier Grouillard
9%
1953 Simca-Gordini Argentina Pablo Birger
9%
1955 Gordini Argentina Pablo Birger
9%
1965 Brabham Australia Paul Hawkins
9%
1965 Lotus Australia Paul Hawkins
9%
1950 Maserati West Germany Paul Pietsch
9%
1951 Alfa Romeo West Germany Paul Pietsch
9%
1952 Veritas West Germany Paul Pietsch
9%
1960 Cooper United States Pete Lovely
9%
1969 Lotus United States Pete Lovely
9%
1970 Lotus United States Pete Lovely
9%
1971 Lotus United States Pete Lovely
9%
1963 Alfa Special South Africa Peter de Klerk
9%
1965 Alfa Special South Africa Peter de Klerk
9%
1969 Brabham South Africa Peter de Klerk
9%
1970 Brabham South Africa Peter de Klerk
9%
1951 Veritas Switzerland Peter Hirt
9%
1952 Ferrari Switzerland Peter Hirt
9%
1953 Ferrari Switzerland Peter Hirt
9%
1961 Lotus Canada Peter Ryan
9%
1951 Maserati United Kingdom Philip Fotheringham-Parker
9%
1950 Talbot-Lago France Philippe Étancelin
9%
1951 Talbot-Lago France Philippe Étancelin
9%
1952 Maserati France Philippe Étancelin
9%
1952 Ferrari Italy Piero Carini
9%
1953 Ferrari Italy Piero Carini
9%
1960 Cooper Italy Piero Drogo
9%
1956 Connaught Italy Piero Scotti
9%
1950 Talbot-Lago France Pierre Levegh
9%
1951 Talbot-Lago France Pierre Levegh
9%
1970 Lotus Sweden Reine Wisell
9%
1971 Lotus Sweden Reine Wisell
9%
1972 BRM Sweden Reine Wisell
9%
1972 Lotus Sweden Reine Wisell
9%
1973 March Sweden Reine Wisell
9%
1974 March Sweden Reine Wisell
9%
1965 Lotus United Kingdom Richard Attwood
9%
1967 Cooper United Kingdom Richard Attwood
9%
1968 BRM United Kingdom Richard Attwood
9%
1969 Lotus United Kingdom Richard Attwood
9%
1982 Ensign Colombia Roberto Guerrero
9%
1983 Theodore Colombia Roberto Guerrero
9%
1964 Honda United States Ronnie Bucknum
9%
1965 Honda United States Ronnie Bucknum
9%
1966 Honda United States Ronnie Bucknum
9%
1952 BMW East Germany Rudolf Krause
9%
1953 BMW East Germany Rudolf Krause
9%
1977 Hesketh United Kingdom Rupert Keegan
9%
1978 Surtees United Kingdom Rupert Keegan
9%
1980 Williams United Kingdom Rupert Keegan
9%
1982 March United Kingdom Rupert Keegan
9%
1963 LDS Rhodesia Sam Tingle
9%
1965 LDS Rhodesia Sam Tingle
9%
1967 LDS Rhodesia Sam Tingle
9%
1968 LDS Rhodesia Sam Tingle
9%
1969 Brabham Rhodesia Sam Tingle
9%
1981 Arrows Italy Siegfried Stohr
9%
1967 Cooper Switzerland Silvio Moser
9%
1968 Brabham Switzerland Silvio Moser
9%
1969 Brabham Switzerland Silvio Moser
9%
1970 Bellasi Switzerland Silvio Moser
9%
1971 Bellasi Switzerland Silvio Moser
9%
1971 March United States Skip Barber
9%
1972 March United States Skip Barber
9%
1950 Maserati Switzerland Toni Branca
9%
1951 Maserati Switzerland Toni Branca
9%
1968 Cooper United Kingdom Vic Elford
9%
1969 Cooper United Kingdom Vic Elford
9%
1969 McLaren United Kingdom Vic Elford
9%
1971 BRM United Kingdom Vic Elford
9%
1952 Veritas West Germany Adolf Brudes
7%
1967 Cooper United Kingdom Alan Rees
7%
1955 Maserati Uruguay Alberto Uría
7%
1956 Maserati Uruguay Alberto Uría
7%
1976 Hesketh Brazil Alex Ribeiro
7%
1977 March Brazil Alex Ribeiro
7%
1956 Gordini Belgium André Milhoux
7%
1951 Simca-Gordini France André Simon
7%
1952 Ferrari France André Simon
7%
1955 Maserati France André Simon
7%
1955 Mercedes France André Simon
7%
1956 Gordini France André Simon
7%
1956 Maserati France André Simon
7%
1957 Maserati France André Simon
7%
1960 Maserati Spain Antonio Creus
7%
1968 Cooper South Africa Basil van Rooyen
7%
1969 McLaren South Africa Basil van Rooyen
7%
1961 Cooper France Bernard Collomb
7%
1962 Cooper France Bernard Collomb
7%
1963 Lotus France Bernard Collomb
7%
1974 Shadow Sweden Bertil Roos
7%
1968 Lotus Canada Bill Brack
7%
1969 BRM Canada Bill Brack
7%
1972 BRM Canada Bill Brack
7%
1959 Connaught United States Bob Said
7%
1976 Penske Netherlands Boy Hayje
7%
1977 March Netherlands Boy Hayje
7%
1963 Lotus South Africa Brausch Niemann
7%
1959 JBW United Kingdom Brian Naylor
7%
1960 JBW United Kingdom Brian Naylor
7%
1961 JBW United Kingdom Brian Naylor
7%
1956 Maserati United Kingdom Bruce Halford
7%
1957 Maserati United Kingdom Bruce Halford
7%
1959 Lotus United Kingdom Bruce Halford
7%
1960 Cooper United Kingdom Bruce Halford
7%
1952 Ferrari Belgium Charles de Tornaco
7%
1950 Talbot-Lago France Charles Pozzi
7%
1960 Cooper United States Chuck Daigh
7%
1960 Scarab United States Chuck Daigh
7%
1954 Gordini Argentina Clemar Bucci
7%
1955 Maserati Argentina Clemar Bucci
7%
1950 Ferrari Italy Clemente Biondetti
7%
1977 Penske United States Danny Ongais
7%
1978 Ensign United States Danny Ongais
7%
1967 Brabham South Africa Dave Charlton
7%
1968 Brabham South Africa Dave Charlton
7%
1970 Lotus South Africa Dave Charlton
7%
1971 Brabham South Africa Dave Charlton
7%
1971 Lotus South Africa Dave Charlton
7%
1972 Lotus South Africa Dave Charlton
7%
1973 Lotus South Africa Dave Charlton
7%
1974 McLaren South Africa Dave Charlton
7%
1975 McLaren South Africa Dave Charlton
7%
1959 Lotus United Kingdom David Piper
7%
1960 Lotus United Kingdom David Piper
7%
1962 LDS South Africa Doug Serrurier
7%
1963 LDS South Africa Doug Serrurier
7%
1973 Tyrrell South Africa Eddie Keizan
7%
1974 Tyrrell South Africa Eddie Keizan
7%
1975 Lotus South Africa Eddie Keizan
7%
1952 Maserati Uruguay Eitel Cantoni
7%
1952 OSCA France Élie Bayol
7%
1953 OSCA France Élie Bayol
7%
1954 Gordini France Élie Bayol
7%
1955 Gordini France Élie Bayol
7%
1956 Gordini France Élie Bayol
7%
1952 Cooper United Kingdom Eric Brandon
7%
1954 Cooper United Kingdom Eric Brandon
7%
1962 Lotus South Africa Ernie Pieterse
7%
1963 Lotus South Africa Ernie Pieterse
7%
1953 Veritas West Germany Erwin Bauer
7%
1987 Osella Switzerland Franco Forini
7%
1971 March France François Mazet
7%
1964 Brabham Australia Frank Gardner
7%
1965 Brabham Australia Frank Gardner
7%
1952 Veritas West Germany Fritz Riess
7%
1979 Tyrrell United Kingdom Geoff Lees
7%
1980 Ensign United Kingdom Geoff Lees
7%
1980 Shadow United Kingdom Geoff Lees
7%
1982 Lotus United Kingdom Geoff Lees
7%
1982 Theodore United Kingdom Geoff Lees
7%
1959 Cooper United States George Constantine
7%
1951 Talbot-Lago France Georges Grignard
7%
1963 Porsche West Germany Gerhard Mitter
7%
1964 Lotus West Germany Gerhard Mitter
7%
1965 Lotus West Germany Gerhard Mitter
7%
1961 Lotus United Kingdom Gerry Ashmore
7%
1952 Maserati Brazil Gino Bianco
7%
1960 Cooper Italy Gino Munaron
7%
1960 Maserati Italy Gino Munaron
7%
1965 BRM Italy Giorgio Bassi
7%
1956 Ferrari Italy Giorgio Scarlatti
7%
1957 Maserati Italy Giorgio Scarlatti
7%
1958 Maserati Italy Giorgio Scarlatti
7%
1959 Cooper Italy Giorgio Scarlatti
7%
1959 Maserati Italy Giorgio Scarlatti
7%
1960 Cooper Italy Giorgio Scarlatti
7%
1960 Maserati Italy Giorgio Scarlatti
7%
1961 De Tomaso Italy Giorgio Scarlatti
7%
1973 Iso-Marlboro New Zealand Graham McRae
7%
1976 Ensign Austria Hans Binder
7%
1976 Williams Austria Hans Binder
7%
1977 Penske Austria Hans Binder
7%
1977 Surtees Austria Hans Binder
7%
1961 Cooper United States Hap Sharp
7%
1962 Cooper United States Hap Sharp
7%
1963 Lotus United States Hap Sharp
7%
1964 Brabham United States Hap Sharp
7%
1959 Porsche United States Harry Blanchard
7%
1952 AFM West Germany Helmut Niedermayr
7%
1955 Gordini Brazil Hermano da Silva Ramos
7%
1956 Gordini Brazil Hermano da Silva Ramos
7%
1954 Cooper United Kingdom Horace Gould
7%
1955 Maserati United Kingdom Horace Gould
7%
1956 Maserati United Kingdom Horace Gould
7%
1957 Maserati United Kingdom Horace Gould
7%
1958 Maserati United Kingdom Horace Gould
7%
1967 Lola West Germany Hubert Hahne
7%
1968 Lola West Germany Hubert Hahne
7%
1984 Spirit Netherlands Huub Rothengatter
7%
1985 Osella Netherlands Huub Rothengatter
7%
1986 Zakspeed Netherlands Huub Rothengatter
7%
1963 Gilby United Kingdom Ian Raby
7%
1964 Brabham United Kingdom Ian Raby
7%
1965 Brabham United Kingdom Ian Raby
7%
1957 Connaught United Kingdom Ivor Bueb
7%
1957 Maserati United Kingdom Ivor Bueb
7%
1958 Connaught United Kingdom Ivor Bueb
7%
1959 Cooper United Kingdom Ivor Bueb
7%
1954 Gordini France Jacques Pollet
7%
1955 Gordini France Jacques Pollet
7%
1951 Talbot-Lago Belgium Jacques Swaters
7%
1953 Ferrari Belgium Jacques Swaters
7%
1954 Ferrari Belgium Jacques Swaters
7%
1962 Lotus United States Jay Chamberlain
7%
1984 Osella Austria Jo Gartner
7%
1971 BRM Canada John Cannon
7%
1969 Brabham Canada John Cordts
7%
1975 Lyncar New Zealand John Nicholson
7%
1954 Maserati Argentina Jorge Daponte
7%
1974 Surtees France José Dolhem
7%
1952 BMW West Germany Karl-Günther Bechem
7%
1953 AFM West Germany Karl-Günther Bechem
7%
1960 Cooper United Kingdom Keith Greene
7%
1961 Gilby United Kingdom Keith Greene
7%
1962 Gilby United Kingdom Keith Greene
7%
1952 Connaught United Kingdom Ken Downing
7%
1978 Ensign Italy Lamberto Leoni
7%
1960 Scarab United States Lance Reventlow
7%
1976 Boro Australia Larry Perkins
7%
1976 Brabham Australia Larry Perkins
7%
1977 BRM Australia Larry Perkins
7%
1977 Surtees Australia Larry Perkins
7%
1956 Connaught United Kingdom Les Leston
7%
1957 BRM United Kingdom Les Leston
7%
1954 Connaught United Kingdom Leslie Marr
7%
1955 Connaught United Kingdom Leslie Marr
7%
1956 Maserati Italy Luigi Piotti
7%
1957 Maserati Italy Luigi Piotti
7%
1973 Surtees Brazil Luiz Bueno
7%
1967 Brabham South Africa Luki Botha
7%
1952 BMW France Marcel Balsa
7%
1957 Cooper United Kingdom Mike MacDowel
7%
1963 BRM Mexico Moisés Solana
7%
1964 Lotus Mexico Moisés Solana
7%
1965 Lotus Mexico Moisés Solana
7%
1966 Cooper Mexico Moisés Solana
7%
1967 Lotus Mexico Moisés Solana
7%
1968 Lotus Mexico Moisés Solana
7%
1961 De Tomaso Italy Nino Vaccarella
7%
1962 Lotus Italy Nino Vaccarella
7%
1962 Porsche Italy Nino Vaccarella
7%
1965 Ferrari Italy Nino Vaccarella
7%
1976 Surtees Japan Noritake Takahara
7%
1977 Kojima Japan Noritake Takahara
7%
1954 Maserati Switzerland Ottorino Volonterio
7%
1956 Maserati Switzerland Ottorino Volonterio
7%
1957 Maserati Switzerland Ottorino Volonterio
7%
1987 AGS France Pascal Fabre
7%
1979 Ensign France Patrick Gaillard
7%
1959 Cooper United Kingdom Peter Ashdown
7%
1963 Stebro Canada Peter Broeker
7%
1989 Coloni France Pierre-Henri Raphanel
7%
1982 March Brazil Raul Boesel
7%
1983 Ligier Brazil Raul Boesel
7%
1961 Cooper Italy Renato Pirocchi
7%
1979 Brabham Argentina Ricardo Zunino
7%
1980 Brabham Argentina Ricardo Zunino
7%
1981 Tyrrell Argentina Ricardo Zunino
7%
1961 De Tomaso Italy Roberto Bussinello
7%
1965 BRM Italy Roberto Bussinello
7%
1961 De Tomaso Italy Roberto Lippi
7%
1952 Aston United Kingdom Robin Montgomerie-Charrington
7%
1962 Lotus United States Rob Schroeder
7%
1952 Ferrari Switzerland Rudolf Schoeller
7%
1953 AFM East Germany Theo Fitzau
7%
1952 Veritas West Germany Theo Helfrich
7%
1953 Veritas West Germany Theo Helfrich
7%
1954 Klenk West Germany Theo Helfrich
7%
1980 Ensign United Kingdom Tiff Needell
7%
1974 Iso-Marlboro Denmark Tom Belsø
7%
1952 Frazer-Nash United Kingdom Tony Crook
7%
1953 Cooper United Kingdom Tony Crook
7%
1952 HWM Australia Tony Gaze
7%
1950 ERA United Kingdom Tony Rolt
7%
1953 Connaught United Kingdom Tony Rolt
7%
1955 Connaught United Kingdom Tony Rolt
7%
1962 Lotus New Zealand Tony Shelly
7%
1963 Cooper South Africa Trevor Blokdyk
7%
1974 Ensign Australia Vern Schuppan
7%
1975 Hill Australia Vern Schuppan
7%
1977 Surtees Australia Vern Schuppan
7%
1952 AFM West Germany Willi Heeks
7%
1953 Veritas West Germany Willi Heeks
7%
1953 Veritas West Germany Wolfgang Seidel
7%
1958 Maserati West Germany Wolfgang Seidel
7%
1960 Cooper West Germany Wolfgang Seidel
7%
1961 Lotus West Germany Wolfgang Seidel
7%
1962 Emeryson West Germany Wolfgang Seidel
7%
1962 Lotus West Germany Wolfgang Seidel
7%
1953 HWM Switzerland Albert Scherrer
6%
1971 March Spain Alex Soler-Roig
6%
1972 BRM Spain Alex Soler-Roig
6%
1954 Connaught United Kingdom Bill Whitehouse
6%
1966 Brabham United Kingdom Chris Irwin
6%
1967 BRM United Kingdom Chris Irwin
6%
1967 Lotus United Kingdom Chris Irwin
6%
1950 Maserati United Kingdom David Hampshire
6%
1967 BRM United Kingdom David Hobbs
6%
1968 Honda United Kingdom David Hobbs
6%
1971 McLaren United Kingdom David Hobbs
6%
1974 McLaren United Kingdom David Hobbs
6%
1950 Maserati United Kingdom David Murray
6%
1951 Maserati United Kingdom David Murray
6%
1952 Cooper United Kingdom David Murray
6%
1956 Connaught United Kingdom Desmond Titterington
6%
1967 Lotus Canada Eppie Wietzes
6%
1974 Brabham Canada Eppie Wietzes
6%
1952 Connaught United Kingdom Eric Thompson
6%
1960 Maserati Venezuela Ettore Chimeri
6%
1993 Minardi Italy Fabrizio Barbazza
6%
1994 Ligier France Franck Lagorce
6%
1960 Porsche United States Fred Gamble
6%
1953 Gordini United States Fred Wacker
6%
1954 Gordini United States Fred Wacker
6%
1961 Lotus Italy Gaetano Starrabba
6%
1950 Alta United Kingdom Geoffrey Crossley
6%
1969 BRM Canada George Eaton
6%
1970 BRM Canada George Eaton
6%
1971 BRM Canada George Eaton
6%
1956 Maserati Italy Gerino Gerini
6%
1958 Maserati Italy Gerino Gerini
6%
1965 Lotus Italy Giacomo Russo "Geki"
6%
1966 Lotus Italy Giacomo Russo "Geki"
6%
1975 Lotus South Africa Guy Tunmer
6%
1962 Porsche Switzerland Heini Walter
6%
1962 Lotus Switzerland Heinz Schiller
6%
1968 Brabham South Africa Jackie Pretorius
6%
1971 Brabham South Africa Jackie Pretorius
6%
1973 Iso-Marlboro South Africa Jackie Pretorius
6%
1995 Sauber France Jean-Christophe Boullion
6%
1955 Gordini France Jean Lucas
6%
1953 HWM United States John Fitch
6%
1955 Maserati United States John Fitch
6%
1965 Cooper United Kingdom John Rhodes
6%
1975 Williams Switzerland Jo Vonlanthen
6%
1954 Connaught United Kingdom Leslie Thorne
6%
1995 Footwork Italy Massimiliano Papis
6%
1961 Cooper Italy Massimo Natili
6%
1952 Simca-Gordini Switzerland Max de Terra
6%
1953 Ferrari Switzerland Max de Terra
6%
1978 ATS Netherlands Michael Bleekemolen
6%
1981 Osella Argentina Miguel Ángel Guerra
6%
1967 Lotus United States Mike Fisher
6%
1955 Gordini France Mike Sparken
6%
1974 Ensign United Kingdom Mike Wilds
6%
1974 March United Kingdom Mike Wilds
6%
1975 BRM United Kingdom Mike Wilds
6%
1976 Shadow United Kingdom Mike Wilds
6%
1960 Maserati Argentina Nasif Estéfano
6%
1953 Maserati Argentina Oscar Alfredo Gálvez
6%
1988 EuroBrun Argentina Oscar Larrauri
6%
1953 Veritas West Germany Oswald Karch
6%
1974 Brabham United Kingdom Richard Robarts
6%
1960 Cooper Argentina Roberto Bonomi
6%
1953 Cooper United Kingdom Rodney Nuckey
6%
1954 Gordini France Roger Loyer
6%
1971 Surtees United States Sam Posey
6%
1972 Surtees United States Sam Posey
6%
1953 Maserati Italy Sergio Mantovani
6%
1954 Maserati Italy Sergio Mantovani
6%
1955 Maserati Italy Sergio Mantovani
6%
1952 Veritas West Germany Toni Ulmen
6%
1975 Hill United Kingdom Tony Brise
6%
1975 Williams United Kingdom Tony Brise
6%
1961 Lotus United Kingdom Tony Marsh
6%
1962 Emeryson United States Tony Settember
6%
1963 Scirocco United States Tony Settember
6%
1961 Cooper United States Walt Hansgen
6%
1964 Lotus United States Walt Hansgen
6%
1960 Lotus Argentina Alberto Rodríguez Larreta
4%
1960 Cooper United States Alfonso Thiele
4%
1952 Veritas Belgium Arthur Legat
4%
1953 Veritas Belgium Arthur Legat
4%
1963 Brabham United Kingdom David Prophet
4%
1965 Brabham United Kingdom David Prophet
4%
1952 Connaught United Kingdom Dennis Poore
4%
1970 Brabham United States Gus Hutchison
4%
1950 Talbot-Lago France Henri Louveau
4%
1951 Talbot-Lago France Henri Louveau
4%
1975 Lotus United Kingdom Jim Crawford
4%
1952 HWM United Kingdom Lance Macklin
4%
1953 HWM United Kingdom Lance Macklin
4%
1954 HWM United Kingdom Lance Macklin
4%
1955 Maserati United Kingdom Lance Macklin
4%
1961 Lotus United States Lloyd Ruby
4%
1989 Minardi Italy Paolo Barilla
4%
1990 Minardi Italy Paolo Barilla
4%
1968 Cooper United Kingdom Robin Widdows
4%
1952 Ferrari Belgium Roger Laurent
4%
1952 HWM Belgium Roger Laurent
4%
1975 Williams United Kingdom Damien Magee
2%
1954 Connaught United Kingdom John Riseley-Prichard
2%
No matching quizzes found
Score Distribution
Percent of People with Each Score
Percentile by Number Answered
Your Score History
You have not taken this quiz